Every (main series) Super Mario Bros. character and enemy - Statistics

General Stats
  • This quiz has been taken 380 times
    370 since last reset
  • The average score is 519 of 2004
Answer Stats
Game Character type Name % Correct
Donkey Kong Playable character Mario
98%
Donkey Kong Jr. Boss Mario
98%
Mario Bros. Playable character Mario
98%
Super Mario Bros. Playable character Mario
98%
Super Mario Bros.: The Lost Levels Playable character Mario
98%
Super Mario Land Playable character Mario
98%
Super Mario Bros. 2 Playable character Mario
98%
Super Mario Bros. 3 Playable character Mario
98%
Super Mario World Playable character Mario
98%
Super Mario Land 2: 6 Golden Coins Playable character Mario
98%
Super Mario 64 Playable character Mario
98%
Super Mario Sunshine Playable character Mario
98%
Super Mario 64 DS Playable character Mario
98%
New Super Mario Bros. Playable character Mario
98%
Super Mario Galaxy Playable character Mario
98%
New Super Mario Bros. Wii Playable character Mario
98%
Super Mario Galaxy 2 Playable character Mario
98%
Super Mario 3D Land Playable character Mario
98%
New Super Mario Bros. 2 Playable character Mario
98%
New Super Mario Bros. U Playable character Mario
98%
Super Mario 3D World Playable character Mario
98%
Super Mario Odyssey Playable character Mario
98%
Bowser's Fury Playable character Mario
98%
Super Mario Bros. Wonder Playable character Mario
98%
Donkey Kong Jr. Supporting character Donkey Kong
97%
Super Mario Odyssey Enemy Donkey Kong
97%
Mario Bros. Playable character Luigi
97%
Super Mario Bros. Playable character Luigi
97%
Super Mario Bros.: The Lost Levels Playable character Luigi
97%
Super Mario Bros. 2 Playable character Luigi
97%
Super Mario Bros. 3 Playable character Luigi
97%
Super Mario World Playable character Luigi
97%
Super Mario 64 DS Playable character Luigi
97%
New Super Mario Bros. Playable character Luigi
97%
Super Mario Galaxy Playable character Luigi
97%
New Super Mario Bros. Wii Playable character Luigi
97%
Super Mario Galaxy 2 Playable character Luigi
97%
Super Mario 3D Land Playable character Luigi
97%
New Super Mario Bros. 2 Playable character Luigi
97%
New Super Mario Bros. U Playable character Luigi
97%
New Super Luigi U Playable character Luigi
97%
Super Mario 3D World Playable character Luigi
97%
Super Mario Odyssey Supporting character Luigi
97%
Super Mario Bros. Wonder Playable character Luigi
97%
Super Mario Bros. Boss Bowser
95%
Super Mario Bros.: The Lost Levels Boss Bowser
95%
Super Mario Bros. 3 Boss Bowser
95%
Super Mario World Boss Bowser
95%
Super Mario 64 Boss Bowser
95%
Super Mario Sunshine Boss Bowser
95%
Super Mario 64 DS Boss Bowser
95%
New Super Mario Bros. Boss Bowser
95%
Super Mario Galaxy Boss Bowser
95%
New Super Mario Bros. Wii Boss Bowser
95%
Super Mario Galaxy 2 Boss Bowser
95%
Super Mario 3D Land Boss Bowser
95%
New Super Mario Bros. U Boss Bowser
95%
New Super Luigi U Boss Bowser
95%
Super Mario 3D World Boss Bowser
95%
Super Mario Odyssey Boss Bowser
95%
Super Mario Bros. Wonder Boss Bowser
95%
Bowser's Fury Boss Giant Bowser
95%
Super Mario Bros. Supporting character Peach
93%
Super Mario Bros.: The Lost Levels Supporting character Peach
93%
Super Mario Bros. 2 Playable character Peach
93%
Super Mario Bros. 3 Supporting character Peach
93%
Super Mario World Supporting character Peach
93%
Super Mario 64 Supporting character Peach
93%
Super Mario Sunshine Supporting character Peach
93%
Super Mario 64 DS Supporting character Peach
93%
New Super Mario Bros. Supporting character Peach
93%
Super Mario Galaxy Supporting character Peach
93%
New Super Mario Bros. Wii Supporting character Peach
93%
Super Mario Galaxy 2 Supporting character Peach
93%
Super Mario 3D Land Supporting character Peach
93%
New Super Mario Bros. 2 Supporting character Peach
93%
New Super Mario Bros. U Supporting character Peach
93%
New Super Luigi U Supporting character Peach
93%
Super Mario 3D World Playable character Peach
93%
Super Mario Odyssey Supporting character Peach
93%
Super Mario Bros. Wonder Playable character Peach
93%
Bowser's Fury Enemy Cat Goomba
91%
Super Mario Bros. Enemy Goomba
91%
Super Mario Bros.: The Lost Levels Enemy Goomba
91%
Super Mario Bros. 3 Enemy Goomba
91%
Super Mario World Enemy Goomba
91%
Super Mario Land 2: 6 Golden Coins Enemy Goomba
91%
Super Mario 64 Enemy Goomba
91%
Super Mario 64 DS Enemy Goomba
91%
New Super Mario Bros. Enemy Goomba
91%
Super Mario Galaxy Enemy Goomba
91%
New Super Mario Bros. Wii Enemy Goomba
91%
Super Mario Galaxy 2 Enemy Goomba
91%
Super Mario 3D Land Enemy Goomba
91%
New Super Mario Bros. 2 Enemy Goomba
91%
New Super Mario Bros. U Enemy Goomba
91%
New Super Luigi U Enemy Goomba
91%
Super Mario 3D World Enemy Goomba
91%
Super Mario Odyssey Capturable enemy Goomba
91%
Super Mario Bros. Wonder Enemy Goomba
91%
Super Mario Bros. Supporting character Toad
89%
Super Mario Bros.: The Lost Levels Supporting character Toad
89%
Super Mario Bros. 2 Playable character Toad
89%
Super Mario Bros. 3 Supporting character Toad
89%
Super Mario 64 Supporting character Toad
89%
Super Mario Sunshine Supporting character Toad
89%
Super Mario 64 DS Supporting character Toad
89%
New Super Mario Bros. Supporting character Toad
89%
Super Mario Galaxy Supporting character Toad
89%
New Super Mario Bros. Wii Supporting character Toad
89%
Super Mario Galaxy 2 Supporting character Toad
89%
Super Mario 3D Land Supporting character Toad
89%
New Super Mario Bros. 2 Supporting character Toad
89%
New Super Mario Bros. U Supporting character Toad
89%
New Super Luigi U Supporting character Toad
89%
Super Mario 3D World Supporting character Toad
89%
Super Mario Odyssey Supporting character Toad
89%
Mario Bros. Enemy Shellcreeper
86%
Super Mario Land 2: 6 Golden Coins Enemy Koopa Troopa
84%
Donkey Kong Supporting character Lady
81%
Super Mario Odyssey Supporting character Pauline
81%
Super Mario Galaxy 2 Boss Boomsday Machine
79%
Super Mario Sunshine Boss Bowser Jr.
79%
New Super Mario Bros. Boss Bowser Jr.
79%
Super Mario Galaxy Boss Bowser Jr.
79%
New Super Mario Bros. Wii Boss Bowser Jr.
79%
New Super Mario Bros. U Boss Bowser Jr.
79%
New Super Luigi U Boss Bowser Jr.
79%
Bowser's Fury Playable character Bowser Jr.
79%
Super Mario Bros. Wonder Boss Bowser Jr.
79%
Super Mario Land Supporting character Daisy
79%
Super Mario Bros. Wonder Playable character Daisy
79%
Super Mario World Supporting character Blue Yoshi
78%
Super Mario 64 DS Playable character Blue Yoshi
78%
New Super Mario Bros. Wii Supporting character Blue Yoshi
78%
Donkey Kong Jr. Playable character Donkey Kong Jr.
78%
New Super Mario Bros. Wii Supporting character Pink Yoshi
78%
Super Mario World Supporting character Red Yoshi
78%
Super Mario 64 DS Playable character Red Yoshi
78%
Super Mario Bros. Wonder Playable character Red Yoshi
78%
Super Mario World Supporting character Yellow Yoshi
78%
Super Mario 64 DS Playable character Yellow Yoshi
78%
New Super Mario Bros. Wii Supporting character Yellow Yoshi
78%
Super Mario Bros. Wonder Playable character Yellow Yoshi
78%
Super Mario Bros. Wonder Playable character Light Blue Yoshi
77%
Super Mario World Supporting character Yoshi
77%
Super Mario 64 Supporting character Yoshi
77%
Super Mario Sunshine Supporting character Yoshi
77%
Super Mario 64 DS Playable character Yoshi
77%
New Super Mario Bros. Wii Supporting character Yoshi
77%
Super Mario Galaxy 2 Supporting character Yoshi
77%
New Super Mario Bros. U Supporting character Yoshi
77%
New Super Luigi U Supporting character Yoshi
77%
Super Mario Odyssey Capture Yoshi
77%
Super Mario Bros. Wonder Playable character Yoshi
77%
Super Mario Bros. 3 Enemy Boo
74%
Super Mario World Enemy Boo
74%
Super Mario Land 2: 6 Golden Coins Enemy Boo
74%
Super Mario 64 Enemy Boo
74%
Super Mario Sunshine Enemy Boo
74%
Super Mario 64 DS Enemy Boo
74%
New Super Mario Bros. Enemy Boo
74%
Super Mario Galaxy Enemy Boo
74%
New Super Mario Bros. Wii Enemy Boo
74%
Super Mario Galaxy 2 Enemy Boo
74%
Super Mario 3D Land Enemy Boo
74%
New Super Mario Bros. 2 Enemy Boo
74%
New Super Mario Bros. U Enemy Boo
74%
New Super Luigi U Enemy Boo
74%
Super Mario 3D World Enemy Boo
74%
Super Mario Bros. Wonder Enemy Boo
74%
Super Mario Galaxy Supporting character Rosalina
74%
Super Mario Galaxy 2 Supporting character Rosalina
74%
Super Mario 3D World Playable character Rosalina
74%
Bowser's Fury Enemy Cat Piranha Plant
69%
Super Mario Bros. Enemy Piranha Plant
69%
Super Mario Bros.: The Lost Levels Enemy Piranha Plant
69%
Super Mario Land Enemy Piranha Plant
69%
Super Mario Bros. 3 Enemy Piranha Plant
69%
Super Mario Land 2: 6 Golden Coins Enemy Piranha Plant
69%
Super Mario 64 Enemy Piranha Plant
69%
Super Mario Sunshine Enemy Piranha Plant
69%
Super Mario 64 DS Enemy Piranha Plant
69%
New Super Mario Bros. Enemy Piranha Plant
69%
Super Mario Galaxy Enemy Piranha Plant
69%
New Super Mario Bros. Wii Enemy Piranha Plant
69%
Super Mario Galaxy 2 Enemy Piranha Plant
69%
Super Mario 3D Land Enemy Piranha Plant
69%
New Super Mario Bros. 2 Enemy Piranha Plant
69%
New Super Mario Bros. U Enemy Piranha Plant
69%
New Super Luigi U Enemy Piranha Plant
69%
Super Mario 3D World Enemy Piranha Plant
69%
Super Mario Bros. Wonder Enemy Piranha Plant
69%
Super Mario Land 2: 6 Golden Coins Boss Wario
68%
Super Mario 64 DS Playable character Wario
68%
Super Mario Bros. Enemy Bullet Bill
67%
Super Mario Bros.: The Lost Levels Enemy Bullet Bill
67%
Super Mario Bros. 3 Enemy Bullet Bill
67%
Super Mario Land 2: 6 Golden Coins Enemy Bullet Bill
67%
Super Mario 64 Enemy Bullet Bill
67%
Super Mario Sunshine Enemy Bullet Bill
67%
Super Mario 64 DS Enemy Bullet Bill
67%
New Super Mario Bros. Enemy Bullet Bill
67%
Super Mario Galaxy Enemy Bullet Bill
67%
New Super Mario Bros. Wii Enemy Bullet Bill
67%
Super Mario Galaxy 2 Enemy Bullet Bill
67%
Super Mario 3D Land Enemy Bullet Bill
67%
New Super Mario Bros. 2 Enemy Bullet Bill
67%
New Super Mario Bros. U Enemy Bullet Bill
67%
New Super Luigi U Enemy Bullet Bill
67%
Super Mario 3D World Enemy Bullet Bill
67%
Super Mario Odyssey Capturable enemy Bullet Bill
67%
Super Mario Bros. Wonder Enemy Bullet Bill
67%
Super Mario Bros. 3 Boss Wendy O. Koopa
66%
Super Mario World Boss Wendy O. Koopa
66%
New Super Mario Bros. Wii Boss Wendy O. Koopa
66%
New Super Mario Bros. U Boss Wendy O. Koopa
66%
New Super Luigi U Boss Wendy O. Koopa
66%
Super Mario Bros. 3 Boss Iggy Koopa
65%
Super Mario World Boss Iggy Koopa
65%
New Super Mario Bros. Wii Boss Iggy Koopa
65%
New Super Mario Bros. U Boss Iggy Koopa
65%
New Super Luigi U Boss Iggy Koopa
65%
Super Mario Sunshine Boss King Boo
65%
Super Mario 64 DS Boss King Boo
65%
Super Mario Bros. Wonder Enemy King Boo
65%
Super Mario Bros. Enemy Lakitu
65%
Super Mario Bros.: The Lost Levels Enemy Lakitu
65%
Super Mario Bros. 3 Enemy Lakitu
65%
Super Mario 64 Enemy Lakitu
65%
Super Mario 64 DS Enemy Lakitu
65%
New Super Mario Bros. Enemy Lakitu
65%
New Super Mario Bros. Wii Enemy Lakitu
65%
Super Mario Galaxy 2 Enemy Lakitu
65%
New Super Mario Bros. 2 Enemy Lakitu
65%
New Super Mario Bros. U Enemy Lakitu
65%
New Super Luigi U Enemy Lakitu
65%
Super Mario Odyssey Supporting character Lakitu
65%
Super Mario Bros. Wonder Enemy Lakitu
65%
Super Mario Bros. 3 Boss Lemmy Koopa
65%
Super Mario World Boss Lemmy Koopa
65%
New Super Mario Bros. Wii Boss Lemmy Koopa
65%
New Super Mario Bros. U Boss Lemmy Koopa
65%
New Super Luigi U Boss Lemmy Koopa
65%
New Super Mario Bros. U Playable character (NSMB U Deluxe) Toadette
65%
Super Mario Odyssey Supporting character Toadette
65%
Super Mario Bros. Wonder Playable character Toadette
65%
Super Mario 64 Enemy Bub
64%
Super Mario 64 DS Enemy Bub
64%
Super Mario Bros. 3 Boss Larry Koopa
64%
Super Mario World Boss Larry Koopa
64%
New Super Mario Bros. Wii Boss Larry Koopa
64%
New Super Mario Bros. U Boss Larry Koopa
64%
New Super Luigi U Boss Larry Koopa
64%
Super Mario Bros. 3 Boss Morton Koopa Jr.
64%
Super Mario World Boss Morton Koopa Jr.
64%
New Super Mario Bros. Wii Boss Morton Koopa Jr.
64%
New Super Mario Bros. U Boss Morton Koopa Jr.
64%
New Super Luigi U Boss Morton Koopa Jr.
64%
Super Mario Bros. 2 Enemy Shy Guy
64%
Bowser's Fury Supporting character Toadette
64%
Bowser's Fury Enemy Cat Hammer Bro.
63%
Super Mario Bros. Enemy Cheep Cheep
63%
Super Mario Bros.: The Lost Levels Enemy Cheep Cheep
63%
Super Mario Bros. 3 Enemy Cheep Cheep
63%
Super Mario World Enemy Cheep Cheep
63%
Super Mario Land 2: 6 Golden Coins Enemy Cheep Cheep
63%
New Super Mario Bros. Enemy Cheep Cheep
63%
Super Mario Galaxy Enemy Cheep Cheep
63%
New Super Mario Bros. Wii Enemy Cheep Cheep
63%
Super Mario Galaxy 2 Enemy Cheep Cheep
63%
Super Mario 3D Land Enemy Cheep Cheep
63%
New Super Mario Bros. 2 Enemy Cheep Cheep
63%
New Super Mario Bros. U Enemy Cheep Cheep
63%
New Super Luigi U Enemy Cheep Cheep
63%
Super Mario 3D World Enemy Cheep Cheep
63%
Super Mario Odyssey Capturable enemy Cheep Cheep
63%
Super Mario Bros. Wonder Enemy Cheep Cheep
63%
Super Mario Bros. Enemy Hammer Bro.
63%
Super Mario Bros.: The Lost Levels Enemy Hammer Bro.
63%
Super Mario Bros. 3 Enemy Hammer Bro.
63%
New Super Mario Bros. Enemy Hammer Bro.
63%
New Super Mario Bros. Wii Enemy Hammer Bro.
63%
Super Mario Galaxy 2 Enemy Hammer Bro.
63%
Super Mario 3D Land Enemy Hammer Bro.
63%
New Super Mario Bros. 2 Enemy Hammer Bro.
63%
New Super Mario Bros. U Enemy Hammer Bro.
63%
New Super Luigi U Enemy Hammer Bro.
63%
Super Mario 3D World Enemy Hammer Bro.
63%
Super Mario Odyssey Capturable enemy Hammer Bro.
63%
Super Mario Bros. Wonder Enemy Hammer Bro.
63%
Super Mario Bros. 3 Boss Ludwig von Koopa
63%
Super Mario World Boss Ludwig von Koopa
63%
New Super Mario Bros. Wii Boss Ludwig von Koopa
63%
New Super Mario Bros. U Boss Ludwig von Koopa
63%
New Super Luigi U Boss Ludwig von Koopa
63%
Super Mario Bros. 3 Boss Roy Koopa
63%
Super Mario World Boss Roy Koopa
63%
New Super Mario Bros. Wii Boss Roy Koopa
63%
New Super Mario Bros. U Boss Roy Koopa
63%
New Super Luigi U Boss Roy Koopa
63%
Bowser's Fury Enemy Cat Cheep Cheep
62%
Super Mario Bros. 3 Enemy Green Cheep Cheep
62%
Super Mario Galaxy Supporting character Luma
62%
Super Mario Galaxy 2 Supporting character Luma
62%
Super Mario Sunshine Enemy Red Cheep Cheep
62%
Super Mario Bros. 2 Boss Birdo
60%
Super Mario Bros. 3 Enemy Dry Bones
60%
Super Mario World Enemy Dry Bones
60%
New Super Mario Bros. Enemy Dry Bones
60%
Super Mario Galaxy Enemy Dry Bones
60%
New Super Mario Bros. Wii Enemy Dry Bones
60%
Super Mario Galaxy 2 Enemy Dry Bones
60%
Super Mario 3D Land Enemy Dry Bones
60%
New Super Mario Bros. 2 Enemy Dry Bones
60%
New Super Mario Bros. U Enemy Dry Bones
60%
New Super Luigi U Enemy Dry Bones
60%
Super Mario Bros. Wonder Enemy Dry Bones
60%
Bowser's Fury Enemy Cat Magikoopa
58%
New Super Mario Bros. Wii Boss Kamek
58%
New Super Mario Bros. U Boss Kamek
58%
New Super Luigi U Boss Kamek
58%
Super Mario Bros. Wonder Supporting character Kamek
58%
Super Mario World Enemy Magikoopa
58%
Super Mario Galaxy Enemy Magikoopa
58%
Super Mario Galaxy 2 Enemy Magikoopa
58%
Super Mario 3D Land Enemy Magikoopa
58%
Super Mario 3D World Enemy Magikoopa
58%
Donkey Kong Boss Cranky Kong
57%
Super Mario Bros. Enemy Spiny
57%
Super Mario Bros.: The Lost Levels Enemy Spiny
57%
Super Mario Bros. 3 Enemy Spiny
57%
Super Mario 64 Enemy Spiny
57%
Super Mario 64 DS Enemy Spiny
57%
New Super Mario Bros. Enemy Spiny
57%
New Super Mario Bros. Wii Enemy Spiny
57%
Super Mario Galaxy 2 Enemy Spiny
57%
Super Mario 3D Land Enemy Spiny
57%
New Super Mario Bros. 2 Enemy Spiny
57%
New Super Mario Bros. U Enemy Spiny
57%
New Super Luigi U Enemy Spiny
57%
Super Mario 3D World Enemy Spiny
57%
Super Mario Odyssey Enemy Spiny
57%
Super Mario Bros. Wonder Enemy Spiny
57%
New Super Mario Bros. U Enemy Nabbit
56%
New Super Luigi U Playable character Nabbit
56%
New Super Luigi U Enemy Nabbit
56%
Super Mario Bros. Wonder Playable character Nabbit
56%
Super Mario Bros. Enemy Blooper
55%
Super Mario Bros.: The Lost Levels Enemy Blooper
55%
Super Mario Bros. 3 Enemy Blooper
55%
Super Mario Sunshine Enemy Blooper
55%
New Super Mario Bros. Enemy Blooper
55%
Super Mario Galaxy Enemy Blooper
55%
New Super Mario Bros. Wii Enemy Blooper
55%
Super Mario Galaxy 2 Enemy Blooper
55%
Super Mario 3D Land Enemy Blooper
55%
New Super Mario Bros. 2 Enemy Blooper
55%
New Super Mario Bros. U Enemy Blooper
55%
New Super Luigi U Enemy Blooper
55%
Super Mario 3D World Enemy Blooper
55%
Super Mario Bros. 2 Enemy Bob-Omb
55%
Super Mario World Enemy Bob-Omb
55%
Super Mario 64 Enemy Bob-Omb
55%
Super Mario Sunshine Enemy Bob-Omb
55%
Super Mario 64 DS Enemy Bob-Omb
55%
New Super Mario Bros. Enemy Bob-Omb
55%
Super Mario Galaxy Enemy Bob-Omb
55%
New Super Mario Bros. Wii Enemy Bob-Omb
55%
Super Mario Galaxy 2 Enemy Bob-Omb
55%
Super Mario 3D Land Enemy Bob-Omb
55%
New Super Mario Bros. 2 Enemy Bob-Omb
55%
New Super Mario Bros. U Enemy Bob-Omb
55%
New Super Luigi U Enemy Bob-Omb
55%
Super Mario 3D World Enemy Bob-Omb
55%
Super Mario Bros. Wonder Enemy Bob-Omb
55%
Bowser's Fury Enemy Cat Bob-Omb
55%
New Super Mario Bros. Boss Dry Bowser
54%
Super Mario 3D Land Boss Dry Bowser
54%
New Super Mario Bros. Wii Playable character Blue Toad
52%
New Super Mario Bros. U Playable character Blue Toad
52%
New Super Luigi U Playable character Blue Toad
52%
Super Mario 3D World Playable character Blue Toad
52%
Super Mario Bros. Wonder Playable character Blue Toad
52%
Bowser's Fury Enemy Cat Fire Bro.
52%
Super Mario Bros. 3 Enemy Fire Bro.
52%
New Super Mario Bros. Enemy Fire Bro.
52%
New Super Mario Bros. Wii Enemy Fire Bro.
52%
New Super Mario Bros. 2 Enemy Fire Bro.
52%
New Super Mario Bros. U Enemy Fire Bro.
52%
New Super Luigi U Enemy Fire Bro.
52%
Super Mario 3D World Enemy Fire Bro.
52%
Super Mario Odyssey Capturable enemy Fire Bro.
52%
Super Mario Bros. Wonder Supporting character Racing Wiggler
52%
Super Mario Bros. 3 Enemy Thwomp
52%
Super Mario World Enemy Thwomp
52%
Super Mario 64 Enemy Thwomp
52%
Super Mario 64 DS Enemy Thwomp
52%
New Super Mario Bros. Enemy Thwomp
52%
Super Mario Galaxy Enemy Thwomp
52%
New Super Mario Bros. Wii Enemy Thwomp
52%
Super Mario Galaxy 2 Enemy Thwomp
52%
Super Mario 3D Land Enemy Thwomp
52%
New Super Mario Bros. 2 Enemy Thwomp
52%
New Super Mario Bros. U Enemy Thwomp
52%
New Super Luigi U Enemy Thwomp
52%
Super Mario 3D World Enemy Thwomp
52%
Super Mario Bros. Wonder Enemy Thwomp
52%
Super Mario World Enemy Wiggler
52%
Super Mario 64 Boss Wiggler
52%
Super Mario Sunshine Boss Wiggler
52%
Super Mario 64 DS Boss Wiggler
52%
New Super Mario Bros. Enemy Wiggler
52%
Super Mario Galaxy Enemy Wiggler
52%
New Super Mario Bros. Wii Enemy Wiggler
52%
Super Mario Galaxy 2 Enemy Wiggler
52%
New Super Mario Bros. 2 Enemy Wiggler
52%
New Super Mario Bros. U Enemy Wiggler
52%
New Super Luigi U Enemy Wiggler
52%
Super Mario Galaxy Supporting character Yellow Toad
52%
New Super Mario Bros. Wii Playable character Yellow Toad
52%
Super Mario Galaxy 2 Supporting character Yellow Toad
52%
New Super Mario Bros. U Playable character Yellow Toad
52%
New Super Luigi U Playable character Yellow Toad
52%
Super Mario 3D World Playable character Yellow Toad
52%
Super Mario Odyssey Supporting character Yellow Toad
52%
Bowser's Fury Supporting character Yellow Toad
52%
Super Mario Bros. Wonder Playable character Yellow Toad
52%
Super Mario Bros. 3 Boss Boom Boom
51%
Super Mario 3D Land Boss Boom Boom
51%
New Super Mario Bros. U Boss Boom Boom
51%
New Super Luigi U Boss Boom Boom
51%
Super Mario 3D World Boss Boom Boom
51%
Bowser's Fury Boss Cat Boom Boom
51%
Bowser's Fury Enemy Cat Spike
51%
Super Mario Bros. 3 Enemy Spike
51%
New Super Mario Bros. Wii Enemy Spike
51%
New Super Mario Bros. U Enemy Spike
51%
New Super Luigi U Enemy Spike
51%
Super Mario 3D World Enemy Spike
51%
Super Mario Bros. Wonder Enemy Spike
51%
Super Mario 64 Boss Big Bob-Omb
50%
Super Mario 64 DS Boss Big Bob-Omb
50%
Super Mario Bros. 3 Enemy Chain Chomp
49%
Super Mario 64 Enemy Chain Chomp
49%
Super Mario Sunshine Enemy Chain Chomp
49%
Super Mario 64 DS Enemy Chain Chomp
49%
New Super Mario Bros. Enemy Chain Chomp
49%
New Super Mario Bros. Wii Enemy Chain Chomp
49%
Super Mario 3D Land Enemy Chain Chomp
49%
New Super Mario Bros. 2 Enemy Chain Chomp
49%
New Super Mario Bros. U Enemy Chain Chomp
49%
New Super Luigi U Enemy Chain Chomp
49%
Super Mario Odyssey Capturable enemy Chain Chomp
49%
Super Mario Sunshine Boss Petey Piranha
49%
New Super Mario Bros. Boss Petey Piranha
49%
Super Mario Sunshine Supporting character Toadsworth
49%
New Super Mario Bros. Supporting character Toadsworth
49%
Super Mario Galaxy Enemy Monty
48%
Super Mario Bros. 2 Enemy Pokey
47%
Super Mario World Enemy Pokey
47%
Super Mario 64 Enemy Pokey
47%
Super Mario Sunshine Enemy Pokey
47%
Super Mario 64 DS Enemy Pokey
47%
New Super Mario Bros. Enemy Pokey
47%
Super Mario Galaxy Enemy Pokey
47%
New Super Mario Bros. Wii Enemy Pokey
47%
Super Mario Galaxy 2 Enemy Pokey
47%
Super Mario 3D Land Enemy Pokey
47%
New Super Mario Bros. 2 Enemy Pokey
47%
New Super Mario Bros. U Enemy Pokey
47%
New Super Luigi U Enemy Pokey
47%
Super Mario Bros. Wonder Enemy Pokey
47%
Super Mario Bros. Enemy Buzzy Beetle
46%
Super Mario Bros.: The Lost Levels Enemy Buzzy Beetle
46%
Super Mario Bros. 3 Enemy Buzzy Beetle
46%
Super Mario World Enemy Buzzy Beetle
46%
New Super Mario Bros. Enemy Buzzy Beetle
46%
New Super Mario Bros. Wii Enemy Buzzy Beetle
46%
New Super Mario Bros. 2 Enemy Buzzy Beetle
46%
New Super Mario Bros. U Enemy Buzzy Beetle
46%
New Super Luigi U Enemy Buzzy Beetle
46%
Super Mario Bros. Wonder Enemy Buzzy Beetle
46%
Super Mario Odyssey Playable character Cappy
46%
Super Mario Galaxy Supporting character Captain Toad
44%
Super Mario Galaxy 2 Supporting character Captain Toad
44%
Super Mario 3D World Playable character Captain Toad
44%
Super Mario Odyssey Supporting character Captain Toad
44%
Bowser's Fury Supporting character Captain Toad
44%
Super Mario Bros. Wonder Supporting character Captain Toad
44%
Bowser's Fury Boss Cat Pom Pom
44%
Super Mario Bros. 3 Enemy Paragoomba
44%
Super Mario World Enemy Paragoomba
44%
Super Mario Land 2: 6 Golden Coins Enemy Paragoomba
44%
New Super Mario Bros. Enemy Paragoomba
44%
New Super Mario Bros. Wii Enemy Paragoomba
44%
Super Mario Galaxy 2 Enemy Paragoomba
44%
Super Mario 3D Land Enemy Paragoomba
44%
New Super Mario Bros. 2 Enemy Paragoomba
44%
New Super Mario Bros. U Enemy Paragoomba
44%
New Super Luigi U Enemy Paragoomba
44%
Super Mario Odyssey Capturable enemy Paragoomba
44%
Super Mario 3D Land Boss Pom Pom
44%
Super Mario 3D World Boss Pom Pom
44%
Super Mario 64 Enemy Whomp
43%
Super Mario 64 DS Enemy Whomp
43%
New Super Mario Bros. Enemy Whomp
43%
Super Mario Galaxy 2 Enemy Whomp
43%
New Super Mario Bros. 2 Enemy Whomp
43%
New Super Mario Bros. Wii Enemy Ice Bro.
42%
New Super Mario Bros. U Enemy Ice Bro.
42%
New Super Luigi U Enemy Ice Bro.
42%
Super Mario World Enemy Banzai Bill
41%
New Super Mario Bros. Enemy Banzai Bill
41%
Super Mario Galaxy Enemy Banzai Bill
41%
New Super Mario Bros. Wii Enemy Banzai Bill
41%
Super Mario Galaxy 2 Enemy Banzai Bill
41%
Super Mario 3D Land Enemy Banzai Bill
41%
New Super Mario Bros. 2 Enemy Banzai Bill
41%
New Super Mario Bros. U Enemy Banzai Bill
41%
New Super Luigi U Enemy Banzai Bill
41%
Super Mario 3D World Enemy Banzai Bill
41%
Super Mario Odyssey Capturable enemy Banzai Bill
41%
Super Mario Galaxy Supporting character Penguin
41%
Super Mario Galaxy 2 Supporting character Penguin
41%
Super Mario Bros. 2 Boss Wart
40%
Super Mario Bros. Enemy Podoboo
39%
Super Mario Bros.: The Lost Levels Enemy Podoboo
39%
Super Mario Bros. 3 Enemy Podoboo
39%
New Super Mario Bros. Enemy Podoboo
39%
Mario Bros. Enemy Sidestepper
39%
Super Mario Bros. 3 Enemy Boomerang Bro.
38%
New Super Mario Bros. Enemy Boomerang Bro.
38%
New Super Mario Bros. Wii Enemy Boomerang Bro.
38%
Super Mario Galaxy 2 Enemy Boomerang Bro.
38%
Super Mario 3D Land Enemy Boomerang Bro.
38%
New Super Mario Bros. 2 Enemy Boomerang Bro.
38%
New Super Mario Bros. U Enemy Boomerang Bro.
38%
New Super Luigi U Enemy Boomerang Bro.
38%
Super Mario 3D World Enemy Boomerang Bro.
38%
Bowser's Fury Enemy Cat Boomerang Bro.
38%
Super Mario World Enemy Monty Mole
37%
Super Mario 64 Enemy Monty Mole
37%
Super Mario Sunshine Boss Monty Mole
37%
Super Mario 64 DS Enemy Monty Mole
37%
New Super Mario Bros. Wii Enemy Monty Mole
37%
Super Mario 3D Land Enemy Monty Mole
37%
New Super Mario Bros. U Enemy Monty Mole
37%
New Super Luigi U Enemy Monty Mole
37%
Super Mario Sunshine Supporting character Pianta
37%
Super Mario Galaxy 2 Supporting character Pianta
37%
Super Mario Land 2: 6 Golden Coins Enemy Rock
37%
Super Mario Land Enemy Fly
36%
Super Mario Sunshine Boss Shadow Mario
35%
Super Mario 3D World Enemy Chargin' Chuck
34%
Super Mario Odyssey Capturable enemy Chargin' Chuck
34%
Super Mario World Enemy Bouncing Chargin' Chuck
33%
Super Mario 64 Enemy Bully
33%
Super Mario 64 DS Enemy Bully
33%
Super Mario 3D World Enemy Bully
33%
Super Mario World Enemy Clappin' Chuck
33%
Super Mario World Enemy Confused Chuck
33%
Super Mario World Enemy Diggin' Chuck
33%
Super Mario Odyssey Supporting character Green Toad
33%
Super Mario World Enemy Lookout Chuck
33%
Super Mario Bros. 2 Enemy Ninji
33%
Super Mario World Enemy Ninji
33%
Super Mario Bros. Wonder Enemy Ninji
33%
Super Mario World Enemy Passin' Chuck
33%
Super Mario World Enemy Splittin' Chuck
33%
Super Mario World Enemy Whistlin' Chuck
33%
Bowser's Fury Enemy Cat Bully
32%
Bowser's Fury Enemy Cat Fire Piranha Plant
32%
Super Mario Bros. 3 Enemy Fire Piranha Plant
32%
Super Mario Land 2: 6 Golden Coins Enemy Fire Piranha Plant
32%
New Super Mario Bros. Enemy Fire Piranha Plant
32%
New Super Mario Bros. Wii Enemy Fire Piranha Plant
32%
Super Mario 3D Land Enemy Fire Piranha Plant
32%
New Super Mario Bros. 2 Enemy Fire Piranha Plant
32%
New Super Mario Bros. U Enemy Fire Piranha Plant
32%
New Super Luigi U Enemy Fire Piranha Plant
32%
Super Mario 3D World Enemy Fire Piranha Plant
32%
Super Mario Odyssey Capturable enemy Fire Piranha Plant
32%
Super Mario Bros. Wonder Enemy Fire Piranha Plant
32%
Super Mario Bros. Boss Fake Bowser
30%
Super Mario Bros.: The Lost Levels Boss Fake Bowser
30%
Super Mario World Enemy Fish Bone
30%
New Super Mario Bros. Wii Enemy Fish Bone
30%
New Super Mario Bros. 2 Enemy Fish Bone
30%
New Super Mario Bros. U Enemy Fish Bone
30%
New Super Luigi U Enemy Fish Bone
30%
Super Mario Galaxy 2 Supporting character Lubba
30%
Super Mario Galaxy Enemy Mecha-Bowser
30%
Super Mario Odyssey Capturable enemy T-Rex
30%
Super Mario Sunshine Supporting character F.L.U.D.D.
29%
Super Mario 3D World Enemy Galoomba
29%
Super Mario Odyssey Supporting character Purple Toad
29%
Super Mario Bros. Enemy Red Koopa Troopa
29%
Super Mario Bros.: The Lost Levels Enemy Red Koopa Troopa
29%
Super Mario Bros. 3 Enemy Red Koopa Troopa
29%
Super Mario World Enemy Red Koopa Troopa
29%
New Super Mario Bros. Enemy Red Koopa Troopa
29%
Super Mario Galaxy Enemy Red Koopa Troopa
29%
New Super Mario Bros. Wii Enemy Red Koopa Troopa
29%
Super Mario Galaxy 2 Enemy Red Koopa Troopa
29%
New Super Mario Bros. 2 Enemy Red Koopa Troopa
29%
New Super Mario Bros. U Enemy Red Koopa Troopa
29%
New Super Luigi U Enemy Red Koopa Troopa
29%
Super Mario Odyssey Supporting character Red Koopa Troopa
29%
Super Mario Bros. Wonder Enemy Red Koopa Troopa
29%
Super Mario Odyssey Enemy Red Koopa Troopa (8-bit)
29%
Super Mario World Enemy Big Boo
28%
Super Mario 64 Boss Big Boo
28%
Super Mario 64 DS Boss Big Boo
28%
Super Mario Galaxy Enemy Big Boo
28%
New Super Mario Bros. Wii Enemy Big Boo
28%
Super Mario 3D Land Enemy Big Boo
28%
New Super Mario Bros. 2 Enemy Big Boo
28%
New Super Mario Bros. U Enemy Big Boo
28%
New Super Luigi U Enemy Big Boo
28%
Super Mario 3D World Enemy Big Boo
28%
Super Mario World Enemy Swoop
28%
Super Mario 64 Enemy Swoop
28%
Super Mario 64 DS Enemy Swoop
28%
New Super Mario Bros. Enemy Swoop
28%
New Super Mario Bros. Wii Enemy Swoop
28%
New Super Mario Bros. 2 Enemy Swoop
28%
New Super Mario Bros. U Enemy Swoop
28%
New Super Luigi U Enemy Swoop
28%
Bowser's Fury Enemy Cat Green Koopa Troopa
27%
Super Mario 64 Enemy Goombette
27%
Super Mario 64 DS Enemy Goombette
27%
Super Mario Bros. Enemy Green Koopa Troopa
27%
Super Mario Bros.: The Lost Levels Enemy Green Koopa Troopa
27%
Super Mario Bros. 3 Enemy Green Koopa Troopa
27%
Super Mario World Enemy Green Koopa Troopa
27%
Super Mario 64 Enemy Green Koopa Troopa
27%
Super Mario 64 DS Enemy Green Koopa Troopa
27%
New Super Mario Bros. Enemy Green Koopa Troopa
27%
Super Mario Galaxy Enemy Green Koopa Troopa
27%
New Super Mario Bros. Wii Enemy Green Koopa Troopa
27%
Super Mario Galaxy 2 Enemy Green Koopa Troopa
27%
Super Mario 3D Land Enemy Green Koopa Troopa
27%
New Super Mario Bros. 2 Enemy Green Koopa Troopa
27%
New Super Mario Bros. U Enemy Green Koopa Troopa
27%
New Super Luigi U Enemy Green Koopa Troopa
27%
Super Mario 3D World Enemy Green Koopa Troopa
27%
Super Mario Odyssey Supporting character Green Koopa Troopa
27%
Super Mario Bros. Wonder Enemy Green Koopa Troopa
27%
Super Mario Odyssey Enemy Green Koopa Troopa (8-bit)
27%
Super Mario Bros. 2 Boss Mouser
27%
Super Mario World Enemy Sumo Bro.
27%
New Super Mario Bros. U Enemy Sumo Bro.
27%
New Super Luigi U Enemy Sumo Bro.
27%
Super Mario Odyssey Supporting character Tiara
27%
Super Mario Sunshine Enemy Bee
26%
Super Mario Galaxy Enemy Cataquack
26%
Super Mario 3D Land Enemy Coin Coffer
26%
New Super Mario Bros. 2 Enemy Coin Coffer
26%
Super Mario 3D World Enemy Coin Coffer
26%
Super Mario Odyssey Capturable enemy Coin Coffer
26%
Super Mario Odyssey Capture Frog
26%
Super Mario World Enemy Fuzzy
26%
New Super Mario Bros. Wii Enemy Fuzzy
26%
Super Mario Galaxy 2 Enemy Fuzzy
26%
Super Mario 3D Land Enemy Fuzzy
26%
New Super Mario Bros. 2 Enemy Fuzzy
26%
New Super Mario Bros. U Enemy Fuzzy
26%
New Super Luigi U Enemy Fuzzy
26%
Super Mario 3D World Enemy Fuzzy
26%
Super Mario Odyssey Enemy Fuzzy
26%
Super Mario World Enemy Lava Bubble
26%
Super Mario Galaxy Enemy Lava Bubble
26%
New Super Mario Bros. Wii Enemy Lava Bubble
26%
Super Mario Galaxy 2 Enemy Lava Bubble
26%
Super Mario 3D Land Enemy Lava Bubble
26%
New Super Mario Bros. 2 Enemy Lava Bubble
26%
New Super Mario Bros. U Enemy Lava Bubble
26%
New Super Luigi U Enemy Lava Bubble
26%
Super Mario 3D World Enemy Lava Bubble
26%
Super Mario Odyssey Capturable enemy Lava Bubble
26%
Super Mario Bros. Wonder Enemy Lava Bubble
26%
Super Mario World Enemy Mechakoopa
26%
New Super Mario Bros. Wii Enemy Mechakoopa
26%
New Super Mario Bros. U Enemy Mechakoopa
26%
New Super Luigi U Enemy Mechakoopa
26%
Super Mario Bros. Wonder Enemy Mechakoopa
26%
Super Mario Bros. 3 Enemy Micro Goomba
26%
Super Mario Galaxy Enemy Micro Goomba
26%
Super Mario Galaxy 2 Enemy Micro Goomba
26%
New Super Mario Bros. Wii Enemy Mini Goomba
26%
New Super Mario Bros. 2 Enemy Mini Goomba
26%
New Super Mario Bros. U Enemy Mini Goomba
26%
New Super Luigi U Enemy Mini Goomba
26%
Super Mario 3D World Enemy Mini Goomba
26%
Super Mario Odyssey Enemy Mini Goomba
26%
Super Mario 3D World Supporting character Plessie
26%
Bowser's Fury Supporting character Plessie
26%
Super Mario Bros. 3 Enemy Rocky Wrench
26%
New Super Mario Bros. Wii Enemy Rocky Wrench
26%
Super Mario 3D Land Enemy Rocky Wrench
26%
New Super Mario Bros. U Enemy Rocky Wrench
26%
New Super Luigi U Enemy Rocky Wrench
26%
Super Mario 64 Supporting character Snowman
26%
Super Mario 64 DS Supporting character Snowman
26%
Super Mario Land 2: 6 Golden Coins Enemy Star
26%
Super Mario Odyssey Capture Boulder
25%
Bowser's Fury Enemy Cat Coin Coffer
25%
Bowser's Fury Enemy Cat Fuzzy
25%
Super Mario 64 Enemy Fly Guy
25%
Super Mario 64 DS Enemy Fly Guy
25%
Super Mario 3D World Boss Meowser
25%
Super Mario Galaxy Enemy Ruby Rock
25%
Super Mario Galaxy 2 Enemy Ruby Rock
25%
Super Mario Land Boss Tatanga
25%
Super Mario Land 2: 6 Golden Coins Boss Tatanga
25%
Super Mario World Enemy Thwimp
25%
New Super Mario Bros. U Enemy Thwimp
25%
New Super Luigi U Enemy Thwimp
25%
Super Mario Odyssey Boss Topper
25%
Super Mario Galaxy Boss Dino Piranha
24%
Super Mario Galaxy 2 Boss Dino Piranha
24%
Super Mario Bros. Enemy Fire-Bar
24%
Super Mario Bros.: The Lost Levels Enemy Fire-Bar
24%
New Super Mario Bros. Enemy Fire Bar
24%
Super Mario Galaxy Enemy Fire Bar
24%
New Super Mario Bros. Wii Enemy Fire Bar
24%
Super Mario Galaxy 2 Enemy Fire Bar
24%
Super Mario 3D Land Enemy Fire Bar
24%
New Super Mario Bros. 2 Enemy Fire Bar
24%
New Super Mario Bros. U Enemy Fire Bar
24%
New Super Luigi U Enemy Fire Bar
24%
Super Mario 3D World Enemy Fire Bar
24%
Super Mario Bros. Wonder Enemy Fire Bar
24%
Super Mario 64 Enemy Grand Goomba
24%
Super Mario 64 DS Enemy Grand Goomba
24%
Super Mario Odyssey Capture Meat
24%
Super Mario Bros. 3 Enemy Muncher
24%
Super Mario World Enemy Muncher
24%
New Super Mario Bros. Wii Enemy Muncher
24%
New Super Mario Bros. U Enemy Muncher
24%
New Super Luigi U Enemy Muncher
24%
Super Mario Bros. Wonder Enemy Muncher
24%
Super Mario Sunshine Supporting character Noki
24%
Super Mario 3D Land Enemy Peepa
24%
New Super Mario Bros. 2 Enemy Peepa
24%
Super Mario 3D World Enemy Peepa
24%
Super Mario Bros. 3 Enemy Sledge Bro.
24%
New Super Mario Bros. Enemy Sledge Bro.
24%
New Super Mario Bros. Wii Enemy Sledge Bro.
24%
New Super Mario Bros. 2 Enemy Sledge Bro.
24%
New Super Mario Bros. U Enemy Sledge Bro.
24%
New Super Luigi U Enemy Sledge Bro.
24%
Super Mario 64 Enemy Amp
23%
Super Mario 64 DS Enemy Amp
23%
New Super Mario Bros. Enemy Amp
23%
Super Mario Galaxy Enemy Amp
23%
New Super Mario Bros. Wii Enemy Amp
23%
Super Mario Galaxy 2 Enemy Amp
23%
New Super Mario Bros. 2 Enemy Amp
23%
New Super Mario Bros. U Enemy Amp
23%
New Super Luigi U Enemy Amp
23%
Super Mario Bros. 3 Enemy Big Goomba
23%
Super Mario Galaxy Enemy Big Goomba
23%
New Super Mario Bros. Wii Enemy Big Goomba
23%
Super Mario Galaxy 2 Enemy Big Goomba
23%
New Super Mario Bros. U Enemy Big Goomba
23%
New Super Luigi U Enemy Big Goomba
23%
Super Mario Bros. Wonder Enemy Big Goomba
23%
Super Mario 64 Enemy Bubba
23%
Super Mario 64 DS Enemy Bubba
23%
Super Mario 64 Supporting character Dorrie
23%
Super Mario 64 DS Supporting character Dorrie
23%
New Super Mario Bros. Supporting character Dorrie
23%
Super Mario Odyssey Supporting character Dorrie
23%
New Super Mario Bros. U Enemy Goombrat
23%
New Super Luigi U Enemy Goombrat
23%
Super Mario Bros. Wonder Enemy Goombrat
23%
Super Mario Odyssey Enemy Maw-Ray
23%
Super Mario Odyssey Boss Rango
23%
Super Mario World Boss Reznor
23%
Super Mario World Enemy Spike Top
23%
New Super Mario Bros. Enemy Spike Top
23%
New Super Mario Bros. Wii Enemy Spike Top
23%
New Super Mario Bros. 2 Enemy Spike Top
23%
New Super Mario Bros. U Enemy Spike Top
23%
New Super Luigi U Enemy Spike Top
23%
Super Mario World Enemy Torpedo Ted
23%
Super Mario Galaxy Enemy Torpedo Ted
23%
New Super Mario Bros. U Enemy Torpedo Ted
23%
New Super Luigi U Enemy Torpedo Ted
23%
Super Mario Bros. 3 Enemy Angry Sun
22%
Bowser's Fury Supporting character Cat Plessie
22%
Super Mario Odyssey Boss Hariet
22%
Super Mario Land 2: 6 Golden Coins Enemy Ant
21%
Super Mario 3D Land Enemy Biddybud
21%
Super Mario 3D World Enemy Biddybud
21%
Super Mario 64 Boss Big Bully
21%
Super Mario 64 DS Boss Big Bully
21%
New Super Mario Bros. Enemy Cheep Chomp
21%
New Super Mario Bros. Wii Enemy Cheep Chomp
21%
New Super Mario Bros. 2 Enemy Cheep Chomp
21%
New Super Mario Bros. U Enemy Cheep Chomp
21%
New Super Luigi U Enemy Cheep Chomp
21%
New Super Mario Bros. Wii Enemy King Bill
21%
New Super Mario Bros. U Enemy King Bill
21%
New Super Luigi U Enemy King Bill
21%
Super Mario 64 Enemy Klepto
21%
Super Mario 64 DS Enemy Klepto
21%
Super Mario Odyssey Enemy Klepto
21%
Super Mario Odyssey Boss Mechawiggler
21%
Super Mario Galaxy Boss Megaleg
21%
Super Mario Odyssey Boss Spewart
21%
Super Mario Galaxy Boss Bouldergeist
20%
Super Mario Galaxy 2 Boss Bouldergeist
20%
Bowser's Fury Enemy Cat Biddybud
20%
Super Mario 3D World Enemy Cat Goomba
20%
Bowser's Fury Enemy Cat Stingby
20%
Super Mario World Supporting character Dolphin
20%
Super Mario Galaxy Boss King Kaliente
20%
Super Mario Galaxy 2 Boss King Kaliente
20%
Super Mario Odyssey Boss Madame Broode
20%
Super Mario World Enemy Rex
20%
Super Mario 3D Land Enemy Stingby
20%
Super Mario 3D World Enemy Stingby
20%
Super Mario 64 Boss Whomp King
20%
Super Mario 64 DS Boss Whomp King
20%
Super Mario Galaxy 2 Boss Whomp King
20%
Super Mario Galaxy Enemy Chomp
19%
Super Mario Galaxy 2 Enemy Chomp
19%
Super Mario Land Enemy Goombo
19%
Super Mario Sunshine Boss Gooper Blooper
19%
Super Mario Bros. Enemy Green Koopa Paratroopa
19%
Super Mario Bros.: The Lost Levels Enemy Green Koopa Paratroopa
19%
Super Mario Bros. 3 Enemy Green Koopa Paratroopa
19%
Super Mario World Enemy Green Koopa Paratroopa
19%
New Super Mario Bros. Enemy Green Koopa Paratroopa
19%
New Super Mario Bros. Wii Enemy Green Koopa Paratroopa
19%
New Super Mario Bros. 2 Enemy Green Koopa Paratroopa
19%
New Super Mario Bros. U Enemy Green Koopa Paratroopa
19%
New Super Luigi U Enemy Green Koopa Paratroopa
19%
Super Mario Bros. Wonder Enemy Green Koopa Paratroopa
19%
Super Mario Galaxy Supporting character Honey Queen
19%
Super Mario Galaxy 2 Supporting character Honey Queen
19%
Super Mario Galaxy Supporting character Hungry Luma
19%
Super Mario Galaxy 2 Supporting character Hungry Luma
19%
Super Mario 64 Supporting character Koopa the Quick
19%
Super Mario 64 DS Supporting character Koopa the Quick
19%
New Super Mario Bros. Boss Mega Goomba
19%
New Super Mario Bros. Enemy Mini Goomba
19%
Super Mario Bros. Enemy Red Koopa Paratroopa
19%
Super Mario Bros.: The Lost Levels Enemy Red Koopa Paratroopa
19%
Super Mario Bros. 3 Enemy Red Koopa Paratroopa
19%
Super Mario World Enemy Red Koopa Paratroopa
19%
New Super Mario Bros. Enemy Red Koopa Paratroopa
19%
New Super Mario Bros. Wii Enemy Red Koopa Paratroopa
19%
New Super Mario Bros. 2 Enemy Red Koopa Paratroopa
19%
New Super Mario Bros. U Enemy Red Koopa Paratroopa
19%
New Super Luigi U Enemy Red Koopa Paratroopa
19%
Super Mario Bros. Wonder Enemy Red Koopa Paratroopa
19%
Super Mario World Enemy Urchin
19%
Super Mario Galaxy Enemy Urchin
19%
New Super Mario Bros. Wii Enemy Urchin
19%
Super Mario Galaxy 2 Enemy Urchin
19%
New Super Mario Bros. 2 Enemy Urchin
19%
New Super Mario Bros. U Enemy Urchin
19%
New Super Luigi U Enemy Urchin
19%
Super Mario Bros. Wonder Enemy Urchin
19%
Super Mario Sunshine Boss Mecha-Bowser
18%
Super Mario Galaxy Boss Mecha-Bowser
18%
Super Mario Galaxy Enemy Octoomba
18%
Super Mario Galaxy 2 Enemy Octoomba
18%
Super Mario 3D World Enemy Octoomba
18%
Super Mario Bros. 2 Enemy Phanto
18%
Super Mario Bros. Wonder Supporting character Prince Florian
18%
Super Mario Odyssey Capture Tree
18%
Super Mario Odyssey Capturable enemy Tropical Wiggler
18%
Super Mario 64 Enemy Unagi
18%
Super Mario 64 DS Enemy Unagi
18%
New Super Mario Bros. Enemy Unagi
18%
Super Mario Galaxy Enemy Bat
17%
Super Mario Galaxy 2 Enemy Bat
17%
New Super Mario Bros. Enemy Broozer
17%
New Super Mario Bros. Wii Enemy Broozer
17%
New Super Mario Bros. U Enemy Broozer
17%
New Super Luigi U Enemy Broozer
17%
Super Mario Bros. 3 Enemy Cannon
17%
Super Mario Galaxy Enemy Cannon
17%
New Super Mario Bros. Wii Enemy Cannon
17%
Super Mario Galaxy 2 Enemy Cannon
17%
Super Mario 3D Land Enemy Cannon
17%
New Super Mario Bros. 2 Enemy Cannon
17%
New Super Mario Bros. U Enemy Cannon
17%
New Super Luigi U Enemy Cannon
17%
Super Mario 3D World Enemy Cannon
17%
Super Mario Bros. Wonder Enemy Cannon
17%
Super Mario Odyssey Capturable enemy Gushen
17%
Super Mario 64 Supporting character Mips
17%
Super Mario Odyssey Capturable enemy Pokio
17%
Super Mario World Enemy Porcupuffer
17%
New Super Mario Bros. Wii Enemy Porcupuffer
17%
Super Mario 3D Land Enemy Porcupuffer
17%
New Super Mario Bros. 2 Enemy Porcupuffer
17%
New Super Mario Bros. U Enemy Porcupuffer
17%
New Super Luigi U Enemy Porcupuffer
17%
Super Mario 3D World Enemy Porcupuffer
17%
Super Mario Bros. 2 Enemy Snifit
17%
Super Mario Odyssey Capturable enemy Uproot
17%
Super Mario Bros. 3 Enemy Big Bertha
16%
Super Mario Galaxy Boss Black King Kaliente
16%
Super Mario World Enemy Blue Koopa Troopa
16%
New Super Mario Bros. Enemy Blue Koopa Troopa
16%
Super Mario Odyssey Supporting character Blue Koopa Troopa
16%
New Super Mario Bros. 2 Enemy Bone Goomba
16%
Super Mario Bros. Wonder Enemy Bone Goomba
16%
New Super Mario Bros. 2 Enemy Bone Piranha Plant
16%
Super Mario Bros. Wonder Enemy Bone Piranha Plant
16%
Bowser's Fury Enemy Cat Para-Biddybud
16%
Super Mario 64 Boss Eyerok
16%
Super Mario 64 DS Boss Eyerok
16%
Super Mario Bros. 3 Enemy Fire Snake
16%
Super Mario World Enemy Fire Snake
16%
New Super Mario Bros. Enemy Fire Snake
16%
New Super Mario Bros. Wii Enemy Fire Snake
16%
New Super Mario Bros. 2 Enemy Fire Snake
16%
New Super Mario Bros. U Enemy Fire Snake
16%
New Super Luigi U Enemy Fire Snake
16%
Super Mario Galaxy Supporting character Hint Toad
16%
Super Mario Galaxy 2 Supporting character Hint Toad
16%
Bowser's Fury Supporting character Hint Toad
16%
Super Mario Galaxy Boss Kamella
16%
Super Mario Bros. 3 Enemy Para-Beetle
16%
New Super Mario Bros. Wii Enemy Para-Beetle
16%
New Super Mario Bros. U Enemy Para-Beetle
16%
New Super Luigi U Enemy Para-Beetle
16%
Super Mario 3D Land Enemy Para-Biddybud
16%
Super Mario 3D World Enemy Para-Biddybud
16%
Super Mario Sunshine Enemy Strollin' Stu
16%
New Super Mario Bros. Enemy Big Cheep Cheep
15%
New Super Mario Bros. Wii Enemy Big Cheep Cheep
15%
New Super Mario Bros. 2 Enemy Big Cheep Cheep
15%
New Super Mario Bros. U Enemy Big Cheep Cheep
15%
New Super Luigi U Enemy Big Cheep Cheep
15%
Super Mario Galaxy Enemy Bullet Bill Cannon
15%
Super Mario Galaxy 2 Enemy Bullet Bill Cannon
15%
Bowser's Fury Enemy Cat Conkdor
15%
Super Mario 64 DS Boss Chill Bully
15%
Super Mario 64 Boss Chilly Bully
15%
Super Mario 3D World Enemy Conkdor
15%
New Super Mario Bros. Enemy Deep Cheep
15%
New Super Mario Bros. Wii Enemy Deep Cheep
15%
New Super Mario Bros. 2 Enemy Deep Cheep
15%
Super Mario Galaxy 2 Enemy Digga
15%
Super Mario Galaxy 2 Boss Gobblegut
15%
New Super Mario Bros. 2 Enemy Gold Goomba
15%
New Super Mario Bros. 2 Enemy Gold Koopa Troopa
15%
Super Mario Odyssey Supporting character Gold Koopa Troopa
15%
Super Mario 64 DS Boss Goomboss
15%
Super Mario Bros. 3 Enemy Green Spiny Egg
15%
Super Mario Galaxy Supporting character Lumalee
15%
Super Mario Galaxy 2 Supporting character Lumalee
15%
Super Mario Sunshine Boss Manta
15%
Super Mario Galaxy 2 Boss Peewee Piranha
15%
Super Mario 64 Enemy Spiny Bomb
15%
Super Mario 64 DS Enemy Spiny Bomb
15%
Super Mario Bros. Enemy Spiny Egg
15%
Super Mario Bros.: The Lost Levels Enemy Spiny Egg
15%
Super Mario Bros. 3 Enemy Spiny Egg
15%
New Super Mario Bros. Enemy Spiny Egg
15%
New Super Mario Bros. Wii Enemy Spiny Egg
15%
Super Mario Galaxy 2 Enemy Spiny Egg
15%
New Super Mario Bros. 2 Enemy Spiny Egg
15%
New Super Mario Bros. U Enemy Spiny Egg
15%
New Super Luigi U Enemy Spiny Egg
15%
Super Mario Bros. Wonder Enemy Spiny Egg
15%
Super Mario Galaxy Boss Tarantox
15%
Super Mario Galaxy 2 Enemy Whimp
15%
Super Mario Galaxy Supporting character Baby Luma
14%
Super Mario Galaxy 2 Supporting character Baby Luma
14%
Super Mario Bros. 3 Enemy Big Piranha Plant
14%
New Super Mario Bros. Enemy Big Piranha Plant
14%
New Super Mario Bros. Wii Enemy Big Piranha Plant
14%
Super Mario Galaxy 2 Enemy Big Piranha Plant
14%
New Super Mario Bros. 2 Enemy Big Piranha Plant
14%
New Super Mario Bros. U Enemy Big Piranha Plant
14%
New Super Luigi U Enemy Big Piranha Plant
14%
Super Mario 3D World Enemy Big Piranha Plant
14%
Super Mario Bros. Wonder Enemy Big Piranha Plant
14%
New Super Mario Bros. Enemy Big Whomp
14%
New Super Mario Bros. 2 Enemy Big Whomp
14%
New Super Mario Bros. Wii Enemy Big Wiggler
14%
Super Mario Galaxy 2 Enemy Big Wiggler
14%
New Super Mario Bros. U Enemy Big Wiggler
14%
New Super Luigi U Enemy Big Wiggler
14%
Super Mario 64 Supporting character Bob-Omb Buddy
14%
Super Mario 64 DS Supporting character Bob-Omb Buddy
14%
Super Mario Galaxy 2 Supporting character Bob-Omb Buddy
14%
Super Mario Galaxy Enemy Bomb Boo
14%
Super Mario Galaxy 2 Enemy Bomb Boo
14%
Super Mario Bros.: The Lost Levels Enemy Bowser's Brother
14%
Super Mario Galaxy Boss Bugaboom
14%
Super Mario Galaxy 2 Boss Bugaboom
14%
Bowser's Fury Enemy Cat Big Piranha Plant
14%
Super Mario 64 Enemy Chuckya
14%
Super Mario 64 DS Enemy Chuckya
14%
Super Mario Odyssey Boss Cookatiel
14%
Super Mario Galaxy 2 Enemy Cosmic Clone
14%
Super Mario 3D Land Enemy Cosmic Clone
14%
Mario Bros. Enemy Fighter Fly
14%
Super Mario Bros. 3 Enemy Flame Chomp
14%
New Super Mario Bros. Enemy Flame Chomp
14%
New Super Mario Bros. Wii Enemy Flame Chomp
14%
New Super Mario Bros. 2 Enemy Flame Chomp
14%
New Super Mario Bros. U Enemy Flame Chomp
14%
New Super Luigi U Enemy Flame Chomp
14%
New Super Mario Bros. Boss Lakithunder
14%
Super Mario Galaxy Boss Major Burrows
14%
Super Mario Galaxy 2 Boss Major Burrows
14%
Super Mario 64 Enemy Mr. I
14%
Super Mario 64 DS Enemy Mr. I
14%
New Super Mario Bros. Boss Mummipokey
14%
Super Mario Sunshine Enemy Pondskater
14%
Super Mario 64 Enemy Scuttlebug
14%
Super Mario 64 DS Enemy Scuttlebug
14%
New Super Mario Bros. Enemy Scuttlebug
14%
New Super Mario Bros. 2 Enemy Scuttlebug
14%
Super Mario 64 Enemy Skeeter
14%
Super Mario 64 DS Enemy Skeeter
14%
New Super Mario Bros. Enemy Skeeter
14%
Super Mario Galaxy 2 Enemy Skeeter
14%
Super Mario 3D World Supporting character Sprixie
14%
Super Mario Galaxy Supporting character Star Bunny
14%
Super Mario Galaxy 2 Supporting character Star Bunny
14%
Super Mario 64 Enemy Sushi
14%
Super Mario 64 DS Enemy Sushi
14%
New Super Mario Bros. Enemy Sushi
14%
Super Mario Galaxy Boss Topmaniac
14%
Super Mario 3D World Enemy Ty-foo
14%
Super Mario Odyssey Capturable enemy Ty-foo
14%
New Super Mario Bros. Enemy Baby Blooper
13%
New Super Mario Bros. Wii Enemy Baby Blooper
13%
New Super Mario Bros. 2 Enemy Baby Blooper
13%
New Super Mario Bros. U Enemy Baby Blooper
13%
New Super Luigi U Enemy Baby Blooper
13%
Super Mario Galaxy Boss Baron Brrr
13%
Super Mario Odyssey Capturable enemy Big Chain Chomp
13%
Super Mario Bros. 3 Enemy Big Green Koopa Troopa
13%
Super Mario Galaxy 2 Enemy Big Green Koopa Troopa
13%
New Super Mario Bros. U Enemy Big Green Koopa Troopa
13%
New Super Luigi U Enemy Big Green Koopa Troopa
13%
Super Mario Bros. 3 Enemy Big Red Koopa Troopa
13%
New Super Mario Bros. U Enemy Big Red Koopa Troopa
13%
New Super Luigi U Enemy Big Red Koopa Troopa
13%
Super Mario World Enemy Bill Blaster
13%
New Super Mario Bros. Enemy Bill Blaster
13%
New Super Mario Bros. Wii Enemy Bill Blaster
13%
Super Mario 3D Land Enemy Bill Blaster
13%
New Super Mario Bros. 2 Enemy Bill Blaster
13%
New Super Mario Bros. U Enemy Bill Blaster
13%
New Super Luigi U Enemy Bill Blaster
13%
Super Mario 3D World Enemy Bill Blaster
13%
Super Mario Bros. Wonder Enemy Bill Blaster
13%
Super Mario Bros. 3 Enemy Blooper Baby
13%
Super Mario Bros. 3 Enemy Bull's-Eye Bill
13%
Super Mario Galaxy Supporting character Cosmic Mario
13%
Bowser's Fury Boss Fury Bowser
13%
Super Mario Odyssey Capture Glydon
13%
Super Mario Galaxy Boss Kingfin
13%
Super Mario Odyssey Capturable enemy Poison Piranha Plant
13%
Super Mario Bros. 3 Enemy Ptooie
13%
Super Mario Galaxy Supporting character Ray
13%
Super Mario Odyssey Boss Ruined Dragon
13%
Mario Bros. Enemy Slipice
13%
Super Mario Bros. Enemy Turtle Cannon
13%
Super Mario Bros.: The Lost Levels Enemy Turtle Cannon
13%
Super Mario Bros. 3 Enemy Turtle Cannon
13%
Super Mario Land 2: 6 Golden Coins Enemy Turtle Cannon
13%
Super Mario World Enemy Yellow Koopa Troopa
13%
Super Mario 3D World Enemy Ant Trooper
12%
Super Mario Galaxy Supporting character Banktoad
12%
Super Mario Galaxy 2 Supporting character Banktoad
12%
Bowser's Fury Supporting character Banktoad
12%
New Super Mario Bros. Enemy Big Thwomp
12%
New Super Mario Bros. Wii Enemy Big Thwomp
12%
Super Mario Galaxy 2 Enemy Big Thwomp
12%
New Super Mario Bros. 2 Enemy Big Thwomp
12%
New Super Mario Bros. U Enemy Big Thwomp
12%
New Super Luigi U Enemy Big Thwomp
12%
Super Mario World Enemy Bony Beetle
12%
New Super Mario Bros. U Enemy Bony Beetle
12%
New Super Luigi U Enemy Bony Beetle
12%
New Super Mario Bros. Wii Enemy Bramball
12%
New Super Mario Bros. U Enemy Bramball
12%
New Super Luigi U Enemy Bramball
12%
Bowser's Fury Enemy Cat Snow Pokey
12%
Super Mario 64 DS Boss Chief Chilly
12%
Super Mario Galaxy 2 Boss Digga-Leg
12%
New Super Mario Bros. Wii Enemy Eep Cheep
12%
New Super Mario Bros. U Enemy Eep Cheep
12%
New Super Luigi U Enemy Eep Cheep
12%
Super Mario Galaxy Boss Fiery Dino Piranha
12%
Super Mario Galaxy 2 Boss Fiery Dino Piranha
12%
New Super Mario Bros. Wii Enemy Foo
12%
New Super Mario Bros. U Enemy Foo
12%
New Super Luigi U Enemy Foo
12%
Super Mario Bros. 2 Boss Fry Guy
12%
Super Mario Galaxy Supporting character Gearmo
12%
Super Mario Galaxy 2 Supporting character Gearmo
12%
Super Mario 3D World Playable character Hint Toad
12%
Super Mario Odyssey Supporting character Hint Toad
12%
Super Mario 3D World Boss King Ka-thunk
12%
Super Mario Odyssey Boss Knucklotec
12%
Super Mario Bros. 3 Enemy Kuribo's Goomba
12%
Super Mario Galaxy Supporting character Mailtoad
12%
Super Mario Galaxy 2 Supporting character Mailtoad
12%
Super Mario Galaxy Enemy Mandibug
12%
Super Mario Galaxy 2 Enemy Mandibug
12%
Super Mario 3D World Boss Motley Bossblob
12%
Super Mario 64 Enemy Mr. Blizzard
12%
Super Mario 64 DS Enemy Mr. Blizzard
12%
Super Mario Land 2: 6 Golden Coins Boss Octopus
12%
Super Mario 3D World Enemy Parabones
12%
Super Mario Odyssey Capturable enemy Parabones
12%
Super Mario Galaxy Supporting character Polari
12%
Super Mario Galaxy 2 Boss Prince Pikante
12%
Super Mario 3D World Enemy Snow Pokey
12%
New Super Mario Bros. Enemy Snow Spike
12%
Super Mario Bros. 2 Enemy Spark
12%
Super Mario Odyssey Capture Taxi
12%
Super Mario 64 Enemy Tox Box
12%
Super Mario 64 DS Enemy Tox Box
12%
Super Mario Galaxy Enemy Tox Box
12%
Super Mario Galaxy 2 Enemy Tox Box
12%
New Super Mario Bros. Enemy Big Dry Bones
11%
New Super Mario Bros. Wii Enemy Big Dry Bones
11%
New Super Mario Bros. 2 Enemy Big Dry Bones
11%
New Super Mario Bros. U Enemy Big Dry Bones
11%
New Super Luigi U Enemy Big Dry Bones
11%
New Super Mario Bros. Wii Enemy Big Fuzzy
11%
New Super Mario Bros. 2 Enemy Big Fuzzy
11%
New Super Mario Bros. U Enemy Big Fuzzy
11%
New Super Luigi U Enemy Big Fuzzy
11%
New Super Mario Bros. Wii Enemy Big Urchin
11%
New Super Mario Bros. U Enemy Big Urchin
11%
New Super Luigi U Enemy Big Urchin
11%
Super Mario 3D World Enemy Brolder
11%
Super Mario Odyssey Capture Cactus
11%
Super Mario 3D World Enemy Cat Bullet Bill
11%
Bowser's Fury Enemy Cat Bullet Bill
11%
Bowser's Fury Boss Cat Prince Bully
11%
Super Mario Sunshine Enemy Gold Bullet Bill
11%
New Super Mario Bros. 2 Enemy Gold Bullet Bill
11%
Super Mario 3D World Boss Hisstocrat
11%
Super Mario 3D Land Enemy Inky Piranha Plant
11%
Super Mario Odyssey Supporting character Jaxi
11%
Super Mario Galaxy 2 Boss King Lakitu
11%
Super Mario Galaxy 2 Enemy Magmaargh
11%
Super Mario 3D Land Enemy Magmaargh
11%
New Super Mario Bros. U Enemy Magmaargh
11%
New Super Luigi U Enemy Magmaargh
11%
Super Mario 3D World Boss Prince Bully
11%
Super Mario Odyssey Capturable enemy Sherm
11%
Super Mario Bros. 3 Enemy Spiny Cheep Cheep
11%
Super Mario Land 2: 6 Golden Coins Enemy Spiny Cheep Cheep
11%
Super Mario Galaxy Enemy Spiny Cheep Cheep
11%
New Super Mario Bros. Wii Enemy Spiny Cheep Cheep
11%
Super Mario Galaxy 2 Enemy Spiny Cheep Cheep
11%
New Super Mario Bros. 2 Enemy Spiny Cheep Cheep
11%
New Super Mario Bros. U Enemy Spiny Cheep Cheep
11%
New Super Luigi U Enemy Spiny Cheep Cheep
11%
Super Mario Galaxy 2 Supporting character The Chimp
11%
Super Mario Galaxy Enemy Undergrunt
11%
Super Mario Galaxy 2 Enemy Undergrunt
11%
Super Mario 64 Boss Big Mr. I
10%
Super Mario 64 DS Boss Big Mr. I
10%
Super Mario World Enemy Blargg
10%
Super Mario Bros. 3 Enemy Blooper Nanny
10%
New Super Mario Bros. Enemy Blooper Nanny
10%
New Super Mario Bros. Wii Enemy Blooper Nanny
10%
New Super Mario Bros. 2 Enemy Blooper Nanny
10%
New Super Mario Bros. U Enemy Blooper Nanny
10%
New Super Luigi U Enemy Blooper Nanny
10%
Super Mario World Enemy Boo Crew
10%
Bowser's Fury Enemy Cat Piranha Creeper
10%
Super Mario Bros. 2 Boss Clawgrip
10%
Super Mario Galaxy Supporting character Coach
10%
Super Mario Galaxy 2 Supporting character Coach
10%
Super Mario Odyssey Supporting character Coach
10%
Super Mario Galaxy Supporting character Cosmic Luigi
10%
New Super Mario Bros. U Enemy Dragoneel
10%
New Super Luigi U Enemy Dragoneel
10%
Super Mario Sunshine Boss Eely Mouth
10%
Super Mario Galaxy 2 Boss Glamdozer
10%
Super Mario Galaxy Supporting character Honeybee
10%
Super Mario Galaxy 2 Supporting character Honeybee
10%
Super Mario Galaxy Enemy Li'l Brr
10%
Super Mario Galaxy 2 Enemy Li'l Brr
10%
Super Mario 64 Enemy Mad Piano
10%
Super Mario 64 DS Enemy Mad Piano
10%
Super Mario Galaxy 2 Boss Megahammer
10%
New Super Mario Bros. Boss Monty Tank
10%
Super Mario 3D World Enemy Piranha Creeper
10%
Super Mario Odyssey Supporting character Poochy
10%
Super Mario World Enemy Rip Van Fish
10%
New Super Mario Bros. Wii Enemy Scaredy Rat
10%
New Super Mario Bros. U Enemy Scaredy Rat
10%
New Super Luigi U Enemy Scaredy Rat
10%
Super Mario Odyssey Supporting character Shiverian
10%
Super Mario Galaxy 2 Boss Squizzard
10%
New Super Mario Bros. Wii Enemy Stone Spike
10%
New Super Mario Bros. U Enemy Stone Spike
10%
New Super Luigi U Enemy Stone Spike
10%
Super Mario 3D Land Enemy Tail Goomba
10%
Super Mario Odyssey Boss Torkdrift
10%
Super Mario Bros. 2 Boss Tryclyde
10%
Super Mario Land 2: 6 Golden Coins Boss Witch
10%
New Super Mario Bros. Enemy Balloon Boo
9%
New Super Mario Bros. U Enemy Big Buzzy Beetle
9%
New Super Luigi U Enemy Big Buzzy Beetle
9%
Super Mario Bros. 3 Enemy Big Green Koopa Paratroopa
9%
New Super Mario Bros. 2 Enemy Boohemoth
9%
Super Mario Bros. 3 Enemy Boss Bass
9%
New Super Mario Bros. Wii Enemy Bull's-Eye Bill
9%
New Super Mario Bros. U Enemy Bull's-Eye Bill
9%
New Super Luigi U Enemy Bull's-Eye Bill
9%
Super Mario Bros. 3 Enemy Cannonball
9%
Super Mario Land 2: 6 Golden Coins Enemy Cannonball
9%
Super Mario Galaxy Enemy Cannonball
9%
New Super Mario Bros. Wii Enemy Cannonball
9%
Super Mario Galaxy 2 Enemy Cannonball
9%
New Super Mario Bros. U Enemy Cannonball
9%
New Super Luigi U Enemy Cannonball
9%
New Super Mario Bros. Boss Cheepskipper
9%
New Super Mario Bros. Enemy Crowber
9%
New Super Mario Bros. Wii Enemy Crowber
9%
New Super Mario Bros. 2 Enemy Crowber
9%
Super Mario World Enemy Dino-Rhino
9%
New Super Mario Bros. 2 Enemy Gold Lakitu
9%
New Super Mario Bros. U Enemy Grrrol
9%
New Super Luigi U Enemy Grrrol
9%
Super Mario Galaxy Supporting character Guppy
9%
Super Mario World Enemy Hothead
9%
Super Mario Bros. Wonder Enemy Hothead
9%
Super Mario Galaxy Enemy Jack O'Goomba
9%
Super Mario Galaxy 2 Enemy Jack O'Goomba
9%
Super Mario Odyssey Supporting character New Donker
9%
Super Mario Bros. 3 Enemy Nipper Plant
9%
Super Mario Bros. Wonder Enemy Nipper Plant
9%
Super Mario 64 Enemy Piranha Flower
9%
Super Mario 64 DS Enemy Piranha Flower
9%
Super Mario Galaxy 2 Boss Rollodillo
9%
Super Mario Land 2: 6 Golden Coins Enemy Shark
9%
New Super Mario Bros. Enemy Snailicorn
9%
Super Mario Galaxy 2 Boss Sorbetti
9%
Super Mario Galaxy Boss Undergrunt Gunner
9%
Super Mario Galaxy 2 Enemy Undergrunt Gunner
9%
New Super Mario Bros. U Enemy Waddlewing
9%
New Super Luigi U Enemy Waddlewing
9%
New Super Mario Bros. Enemy Big Deep Cheep
8%
New Super Mario Bros. Wii Enemy Big Deep Cheep
8%
New Super Mario Bros. 2 Enemy Big Deep Cheep
8%
New Super Mario Bros. Wii Enemy Big Fire Piranha Plant
8%
New Super Mario Bros. 2 Enemy Big Fire Piranha Plant
8%
Super Mario Bros. Wonder Enemy Big Fire Piranha Plant
8%
Super Mario Galaxy 2 Enemy Big Paragoomba
8%
New Super Mario Bros. U Enemy Big Pokey
8%
New Super Luigi U Enemy Big Pokey
8%
Super Mario 3D World Boss Boss Brolder
8%
New Super Mario Bros. U Boss Boss Sumo Bro.
8%
New Super Luigi U Boss Boss Sumo Bro.
8%
New Super Mario Bros. U Supporting character Bubble Baby Yoshi
8%
New Super Luigi U Supporting character Bubble Baby Yoshi
8%
New Super Mario Bros. Wii Enemy Cooligan
8%
New Super Mario Bros. U Enemy Cooligan
8%
New Super Luigi U Enemy Cooligan
8%
Super Mario 3D Land Enemy Fake Block
8%
Super Mario Galaxy 2 Boss Fiery Gobblegut
8%
Super Mario World Enemy Fishin' Lakitu
8%
New Super Mario Bros. 2 Enemy Gold Boo
8%
New Super Mario Bros. 2 Enemy Gold Cheep Cheep
8%
New Super Mario Bros. 2 Enemy Gold Piranha Plant
8%
Super Mario Bros. 3 Supporting character Grass Land king
8%
Super Mario Galaxy 2 Enemy Grinder
8%
Super Mario Galaxy Enemy Gringill
8%
Super Mario Galaxy 2 Enemy Gringill
8%
Super Mario 64 Enemy Heave-Ho
8%
Super Mario 64 DS Enemy Heave-Ho
8%
New Super Mario Bros. Wii Enemy Huckit Crab
8%
New Super Mario Bros. U Enemy Huckit Crab
8%
New Super Luigi U Enemy Huckit Crab
8%
Super Mario Galaxy Enemy Li'l Cinder
8%
Super Mario Galaxy 2 Enemy Li'l Cinder
8%
Super Mario Galaxy 2 Enemy Magmaw
8%
New Super Mario Bros. U Enemy Magmaw
8%
New Super Luigi U Enemy Magmaw
8%
Super Mario Galaxy Boss Mandibug Stack
8%
Super Mario Galaxy 2 Boss Mandibug Stack
8%
Super Mario Sunshine Enemy Sanbo Head
8%
Super Mario Sunshine Supporting character Sand Bird
8%
Super Mario Galaxy Enemy Spiny Piranha Plant
8%
Super Mario Galaxy 2 Enemy Spiny Piranha Plant
8%
Super Mario Galaxy Enemy Spring
8%
Super Mario Bros. 3 Enemy Stretch
8%
Super Mario 3D Land Enemy Tail Bullet Bill
8%
Super Mario Bros. Wonder Supporting character Talking Flower
8%
Super Mario Land 2: 6 Golden Coins Boss Three Little Pigs
8%
Super Mario Odyssey Supporting character Tostarenan
8%
Super Mario Bros. 3 Supporting character Water Land king
8%
Super Mario Galaxy 2 Supporting character Whittle
8%
New Super Mario Bros. U Supporting character Balloon Baby Yoshi
7%
New Super Luigi U Supporting character Balloon Baby Yoshi
7%
Super Mario 3D World Playable character Banktoad
7%
Super Mario Galaxy Enemy Banzai Bill Cannon
7%
New Super Mario Bros. Wii Enemy Banzai Bill Cannon
7%
Super Mario Galaxy 2 Enemy Banzai Bill Cannon
7%
New Super Mario Bros. 2 Enemy Banzai Bill Cannon
7%
New Super Mario Bros. U Enemy Banzai Bill Cannon
7%
New Super Luigi U Enemy Banzai Bill Cannon
7%
New Super Mario Bros. 2 Enemy Big Bone Piranha Plant
7%
New Super Luigi U Enemy Big Eep Cheep
7%
Super Mario Galaxy Supporting character Bill Board
7%
Super Mario Galaxy 2 Supporting character Bill Board
7%
Super Mario Bros. 3 Enemy Bowser Statue
7%
Super Mario Galaxy 2 Enemy Bowser Statue
7%
Super Mario Odyssey Capture Bowser Statue
7%
Super Mario Bros. Wonder Enemy Bowser Statue
7%
New Super Mario Bros. Wii Enemy Bull's-Eye Banzai
7%
Bowser's Fury Enemy Cat Goomba Tower
7%
Super Mario Bros. 3 Supporting character Desert Land king
7%
Super Mario World Enemy Fishin' Boo
7%
Super Mario Bros. 3 Supporting character Giant Land king
7%
Super Mario Galaxy Enemy Gold Chomp
7%
Super Mario Galaxy 2 Enemy Gold Chomp
7%
Super Mario 3D Land Enemy Goomba Tower
7%
New Super Mario Bros. 2 Enemy Goomba Tower
7%
Super Mario 3D World Enemy Goomba Tower
7%
Super Mario Galaxy Enemy Goombeetle
7%
Super Mario Galaxy 2 Enemy Goombeetle
7%
Super Mario Odyssey Supporting character Goombette
7%
Super Mario World Enemy Grey Bowser Statue
7%
Super Mario 64 Enemy Grindel
7%
Super Mario 64 DS Enemy Grindel
7%
Super Mario World Enemy Grinder
7%
Super Mario 3D Land Enemy Grinder
7%
New Super Mario Bros. 2 Enemy Grinder
7%
Super Mario 64 Supporting character Hoot
7%
Super Mario 64 DS Supporting character Hoot
7%
Super Mario Bros. 3 Supporting character Ice Land king
7%
Super Mario Sunshine Supporting character Il Piantissimo
7%
Super Mario 64 Enemy Manta Ray
7%
Super Mario 64 DS Enemy Manta Ray
7%
Super Mario Sunshine Supporting character Mayor
7%
New Super Mario Bros. Enemy Mega Unagi
7%
Super Mario Odyssey Boss Mollusque-Lanceur
7%
Super Mario 64 Enemy Moneybags
7%
Super Mario 64 DS Enemy Moneybags
7%
New Super Mario Bros. Enemy Moneybags
7%
Super Mario 64 Enemy Moving Bar
7%
Super Mario 64 DS Enemy Moving Bar
7%
Super Mario Galaxy Enemy Octoguy
7%
Super Mario Galaxy 2 Enemy Octoguy
7%
Super Mario Galaxy Supporting character Penguru
7%
Super Mario Galaxy 2 Supporting character Penguru
7%
Super Mario Bros. 2 Enemy Pidgit
7%
Super Mario Bros. 3 Supporting character Pipe Land king
7%
Super Mario Sunshine Boss Plungelo
7%
Super Mario Galaxy Enemy Pokey Head
7%
Super Mario Galaxy 2 Enemy Pokey Head
7%
Super Mario Bros. Wonder Supporting character Poplin
7%
Super Mario Sunshine Supporting character Raccoon
7%
Super Mario Odyssey Capture RC Car
7%
Super Mario Odyssey Boss Robobrood
7%
Super Mario Bros. 3 Supporting character Sky Land king
7%
Super Mario 3D World Enemy Spike Ball
7%
Super Mario Bros. Wonder Enemy Spike Ball
7%
Super Mario 64 Enemy Spindrift
7%
Super Mario 64 DS Enemy Spindrift
7%
Super Mario Galaxy Supporting character Spooky Speedster
7%
New Super Mario Bros. Enemy Squiggler
7%
Super Mario Odyssey Enemy Urban Stingby
7%
Super Mario 3D Land Enemy Wallop
7%
Super Mario Odyssey Capture Zipper
7%
Super Mario 3D Land Enemy Big Tail Goomba
6%
Super Mario Sunshine Enemy Block Boo
6%
Super Mario Sunshine Enemy Blue Electrokoopa
6%
Super Mario Galaxy Enemy Bomp
6%
Super Mario Galaxy 2 Enemy Bomp
6%
Super Mario World Enemy Boo Buddy Block
6%
Super Mario Odyssey Supporting character Bubblainian
6%
New Super Mario Bros. Wii Enemy Bulber
6%
New Super Mario Bros. U Enemy Bulber
6%
New Super Luigi U Enemy Bulber
6%
New Super Mario Bros. Enemy Burner
6%
New Super Mario Bros. Wii Enemy Burner
6%
New Super Mario Bros. 2 Enemy Burner
6%
New Super Mario Bros. U Enemy Burner
6%
New Super Luigi U Enemy Burner
6%
Super Mario Bros. Wonder Enemy Burner
6%
Super Mario Odyssey Enemy Burrbo
6%
Super Mario Bros. 3 Enemy Buster Beetle
6%
Super Mario 3D World Enemy Cat Banzai Bill
6%
Bowser's Fury Enemy Cat Skipsqueak
6%
Super Mario Sunshine Enemy Chain Chomplet
6%
Super Mario 3D World Enemy Charvaargh
6%
Super Mario Galaxy Enemy Clampy
6%
New Super Mario Bros. Wii Enemy Clampy
6%
Super Mario Galaxy 2 Enemy Clampy
6%
New Super Mario Bros. U Enemy Clampy
6%
New Super Luigi U Enemy Clampy
6%
Super Mario Bros. 2 Enemy Cobrat
6%
Super Mario Galaxy 2 Playable character Co-Star Luma
6%
Super Mario World Enemy Dino-Torch
6%
Super Mario Galaxy 2 Enemy Elite Octoomba
6%
Super Mario Land Enemy Gao
6%
New Super Mario Bros. 2 Enemy Gold Banzai Bill
6%
New Super Mario Bros. 2 Enemy Gold Bro.
6%
Super Mario Bros. 3 Enemy Jelectro
6%
New Super Mario Bros. Wii Enemy Jellybeam
6%
New Super Mario Bros. U Enemy Jellybeam
6%
New Super Luigi U Enemy Jellybeam
6%
New Super Mario Bros. Enemy Kab-Omb
6%
Super Mario 3D World Enemy Ka-thunk
6%
Super Mario Odyssey Capture Letter
6%
Super Mario Bros. Wonder Enemy Lil Sparky
6%
New Super Mario Bros. U Enemy Mecha Cheep
6%
New Super Luigi U Enemy Mecha Cheep
6%
Super Mario Sunshine Supporting character Noki Elder
6%
Super Mario Galaxy 2 Enemy Octoboo
6%
Super Mario World Enemy Parabomb
6%
New Super Mario Bros. Wii Enemy Parabomb
6%
New Super Mario Bros. 2 Enemy Parabomb
6%
New Super Mario Bros. U Enemy Parabomb
6%
New Super Luigi U Enemy Parabomb
6%
Super Mario Odyssey Capture Pole
6%
Super Mario Sunshine Enemy Red Electrokoopa
6%
Super Mario 3D World Enemy Skipsqueak
6%
Super Mario Sunshine Enemy Sleepy Boo
6%
Super Mario Sunshine Enemy Smolderin' Stu
6%
Super Mario Odyssey Capturable enemy Snow Cheep Cheep
6%
New Super Mario Bros. Enemy Spike Bass
6%
Super Mario 3D Land Enemy Spike Pillar
6%
New Super Mario Bros. 2 Enemy Spike Pillar
6%
Super Mario Land 2: 6 Golden Coins Enemy Spikey
6%
Super Mario 64 Enemy Spindel
6%
Super Mario 64 DS Enemy Spindel
6%
Super Mario 3D World Supporting character Sprixie Princess
6%
New Super Mario Bros. Wii Enemy Stalking Piranha Plant
6%
New Super Mario Bros. U Enemy Stalking Piranha Plant
6%
New Super Luigi U Enemy Stalking Piranha Plant
6%
Super Mario 3D Land Enemy Tail Bob-Omb
6%
Super Mario 3D Land Boss Tail Bowser
6%
Super Mario 3D Land Enemy Tail Thwomp
6%
Super Mario Land Enemy Tokotoko
6%
Super Mario Galaxy Enemy Topmini
6%
Super Mario Galaxy 2 Enemy Topmini
6%
Super Mario Sunshine Enemy Wind Spirit
6%
Super Mario Galaxy Enemy Zap Ball
6%
Super Mario Galaxy 2 Enemy Zap Ball
6%
Super Mario World Enemy Amazin' Flyin' Hammer Bro.
5%
Super Mario Land 2: 6 Golden Coins Enemy Bear
5%
New Super Mario Bros. U Enemy Big Amp
5%
New Super Luigi U Enemy Big Amp
5%
Super Mario 3D World Enemy Big Galoomba
5%
Super Mario 64 Supporting character Big Penguin
5%
Super Mario 64 DS Supporting character Big Penguin
5%
Super Mario Odyssey Capturable enemy Big Poison Piranha Plant
5%
Super Mario 3D Land Enemy Blokkablok
5%
Super Mario World Enemy Blue Koopa Shell
5%
Super Mario World Enemy Blurp
5%
Super Mario Land 2: 6 Golden Coins Enemy Blurp
5%
Super Mario Land Enemy Bombshell Koopa
5%
Super Mario Land Enemy Chicken
5%
Super Mario Odyssey Enemy Chincho
5%
Super Mario World Enemy Circling Boo Buddies
5%
New Super Mario Bros. Wii Enemy Circling Boo Buddies
5%
New Super Mario Bros. U Enemy Circling Boo Buddies
5%
New Super Luigi U Enemy Circling Boo Buddies
5%
Super Mario Galaxy 2 Supporting character Cosmic Spirit
5%
Super Mario World Enemy Eerie
5%
Super Mario Galaxy 2 Enemy Fizzlit
5%
Super Mario 3D World Enemy Fizzlit
5%
Super Mario Galaxy Enemy Flipbug
5%
Super Mario Galaxy 2 Enemy Flipbug
5%
Super Mario Galaxy 2 Enemy Flomp
5%
Super Mario World Enemy Flying Goomba
5%
New Super Mario Bros. U Enemy Frost Piranha Plant
5%
New Super Luigi U Enemy Frost Piranha Plant
5%
New Super Mario Bros. U Supporting character Glowing Baby Yoshi
5%
New Super Luigi U Supporting character Glowing Baby Yoshi
5%
New Super Mario Bros. 2 Enemy Gold Big Boo
5%
New Super Mario Bros. 2 Enemy Gold Koopa Paratroopa
5%
Super Mario World Enemy Green Koopa Shell
5%
Super Mario World Enemy Green Super Koopa
5%
Super Mario Bros. Wonder Enemy Hoppo
5%
Super Mario World Enemy Jumping Piranha Plant
5%
Super Mario Bros. 3 Enemy Lava Lotus
5%
Super Mario World Enemy Lava Lotus
5%
Super Mario Bros. 2 Supporting character Mask Gate
5%
Super Mario Bros. Wonder Enemy Maw-Maw
5%
Super Mario World Enemy Mega Mole
5%
Super Mario Galaxy Enemy Mini Chomp
5%
Super Mario Galaxy 2 Enemy Mini Chomp
5%
Super Mario 3D Land Enemy Morty Mole
5%
Super Mario Bros. 2 Enemy Ostro
5%
Super Mario Sunshine Enemy Piranhabon
5%
New Super Mario Bros. Wii Enemy Prickly Goomba
5%
New Super Mario Bros. U Enemy Prickly Goomba
5%
New Super Luigi U Enemy Prickly Goomba
5%
Super Mario Galaxy 2 Enemy Prickly Piranha Plant
5%
Super Mario Odyssey Supporting character Purple Koopa Troopa
5%
Super Mario World Enemy Red Super Koopa
5%
New Super Mario Bros. Wii Enemy River Piranha Plant
5%
New Super Mario Bros. U Enemy River Piranha Plant
5%
New Super Luigi U Enemy River Piranha Plant
5%
Super Mario Bros. 3 Enemy Roto-Disc
5%
Super Mario 3D Land Enemy Sandmaargh
5%
Super Mario Odyssey Supporting character Sheep
5%
Super Mario Galaxy 2 Enemy Silver Chomp
5%
Super Mario World Enemy Skewer
5%
New Super Mario Bros. Enemy Skewer
5%
New Super Mario Bros. Wii Enemy Skewer
5%
New Super Mario Bros. U Enemy Skewer
5%
New Super Luigi U Enemy Skewer
5%
New Super Mario Bros. 2 Enemy Small Urchin
5%
Super Mario Galaxy Enemy Spiky Topman
5%
Super Mario Galaxy 2 Enemy Spiky Topman
5%
New Super Mario Bros. Enemy Splunkin
5%
Super Mario Galaxy Enemy Spring Topman
5%
Super Mario Galaxy 2 Enemy Spring Topman
5%
Super Mario Sunshine Enemy Swipin' Stu
5%
Super Mario Bros. 2 Enemy Albatross
4%
Super Mario Bros. Wonder Enemy Armad
4%
Super Mario Odyssey Enemy Astro-Lanceur
4%
Super Mario Bros. 3 Enemy Baby Cheep Cheep
4%
Super Mario World Enemy Ball 'N' Chain
4%
New Super Mario Bros. Enemy Ball 'N' Chain
4%
New Super Mario Bros. Wii Enemy Ball 'N' Chain
4%
Super Mario 3D Land Enemy Ball'N' Chain
4%
New Super Mario Bros. Enemy Banzai Bill Blaster
4%
Super Mario 3D World Enemy Big Ant Trooper
4%
Super Mario Galaxy Enemy Big Gringill
4%
Super Mario Galaxy 2 Enemy Big Gringill
4%
Super Mario Sunshine Boss Black Proto Piranha
4%
New Super Mario Bros. Enemy Blockhopper
4%
Super Mario 3D World Enemy Blockstepper
4%
Super Mario World Enemy Blue Super Koopa
4%
Super Mario Galaxy Enemy Bonefin
4%
Super Mario Odyssey Supporting character Bonneter
4%
Super Mario 64 Enemy Bookend
4%
Super Mario 64 DS Enemy Bookend
4%
Super Mario Sunshine Boss Brown Proto Piranha
4%
Super Mario Land Enemy Bunbun
4%
Bowser's Fury Enemy Cat Blockstepper
4%
Bowser's Fury Enemy Cat Skating Goomba
4%
Super Mario Galaxy Enemy Cluckboom
4%
Super Mario Galaxy 2 Enemy Cluckboom
4%
Super Mario 3D Land Enemy Draglet
4%
Super Mario Sunshine Enemy Electro-Koopa King
4%
Super Mario Bros. Wonder Enemy Fire Gabon
4%
New Super Mario Bros. U Enemy Fliprus
4%
New Super Luigi U Enemy Fliprus
4%
Super Mario Bros. 2 Enemy Flurry
4%
Super Mario Galaxy 2 Supporting character Fluzzard
4%
Super Mario 64 Enemy Fwoosh
4%
Super Mario 64 DS Enemy Fwoosh
4%
New Super Mario Bros. 2 Enemy Gold Paragoomba
4%
Super Mario Bros. 2 Enemy Hoopster
4%
Super Mario Sunshine Supporting character Hotel Manager
4%
Super Mario Galaxy Enemy Ice Bat
4%
Super Mario Galaxy Enemy Jammyfish
4%
Super Mario Galaxy 2 Enemy Jammyfish
4%
Super Mario Galaxy Supporting character Jill Board
4%
Super Mario Sunshine Enemy Lava Cheep Cheep
4%
Super Mario Odyssey Supporting character Lochlady
4%
Super Mario 3D World Enemy Madpole
4%
Super Mario Odyssey Capture Manhole
4%
Super Mario Galaxy 2 Enemy Mattermouth
4%
Super Mario Galaxy 2 Enemy Mega Boo
4%
Super Mario Galaxy Enemy Meteor
4%
Super Mario Galaxy 2 Enemy Meteor
4%
New Super Mario Bros. U Enemy Meteor
4%
New Super Luigi U Enemy Meteor
4%
Super Mario 64 Supporting character Mother Penguin
4%
Super Mario 64 DS Supporting character Mother Penguin
4%
Super Mario Bros. 2 Enemy Panser
4%
Super Mario Galaxy Supporting character Penguin racer
4%
Super Mario Galaxy Supporting character Phil Board
4%
Super Mario Bros. 3 Enemy Pile Driver Micro-Goomba
4%
Super Mario Sunshine Enemy Poink
4%
Super Mario Sunshine Enemy Red Cataquack
4%
Super Mario Land 2: 6 Golden Coins Boss Sewer Rat
4%
Super Mario 3D World Enemy Skating Goomba
4%
Super Mario Galaxy 2 Enemy Snoodle
4%
Super Mario Sunshine Enemy Snooza Koopa
4%
Super Mario 64 Enemy Snufit
4%
Super Mario 64 DS Enemy Snufit
4%
New Super Mario Bros. U Enemy Spinner
4%
New Super Luigi U Enemy Spinner
4%
Super Mario Odyssey Supporting character Talkatoo
4%
New Super Mario Bros. U Enemy Targeting Ted
4%
New Super Luigi U Enemy Targeting Ted
4%
Super Mario Odyssey Supporting character Uncle amiibo
4%
Super Mario Land Enemy Yurarin
4%
Super Mario Land 2: 6 Golden Coins Enemy Aqua Goomba
3%
Super Mario 3D Land Enemy Banzai Bill Cannon
3%
Super Mario 64 Enemy Beach Koopa
3%
Super Mario 64 DS Enemy Beach Koopa
3%
Super Mario 3D World Enemy Beach Koopa
3%
Super Mario Bros. 2 Enemy Beezo
3%
Super Mario 3D Land Enemy Big Cosmic Clone
3%
Super Mario Bros. Wonder Enemy Big Goombrat
3%
Super Mario Odyssey Capture Binoculars
3%
Super Mario Bros. Wonder Enemy Blewbird
3%
Super Mario Sunshine Enemy Blue Cataquack
3%
Super Mario World Enemy Blue Koopa without a Shell
3%
Super Mario World Enemy Boo Buddy Snake
3%
Super Mario Land Enemy Bullet Biff
3%
Super Mario Bros. Wonder Enemy Bulrush
3%
Bowser's Fury Enemy Cat Rammerhead
3%
Super Mario World Enemy Chainsaw
3%
Super Mario Galaxy 2 Enemy Choppah
3%
Super Mario Galaxy Supporting character Comet Tico
3%
Super Mario Sunshine Enemy Coo Coo
3%
Super Mario Land Boss Dragonzamasu
3%
Super Mario 64 Enemy Flame thrower
3%
Super Mario 64 DS Enemy Flame thrower
3%
Super Mario Galaxy 2 Enemy Flaptack
3%
Super Mario Land 2: 6 Golden Coins Enemy Ghost Goomba
3%
New Super Mario Bros. 2 Enemy Gold Big Piranha Plant
3%
Super Mario World Enemy Green Koopa without a Shell
3%
New Super Mario Bros. Wii Enemy Heavy Para-Beetle
3%
New Super Mario Bros. U Enemy Heavy Para-Beetle
3%
New Super Luigi U Enemy Heavy Para-Beetle
3%
New Super Mario Bros. Wii Enemy Hefty Goomba
3%
New Super Mario Bros. U Enemy Hefty Goomba
3%
New Super Luigi U Enemy Hefty Goomba
3%
Super Mario Bros. Wonder Enemy Hefty Goomba
3%
Super Mario Land Boss Hiyoihoi
3%
Super Mario Bros. Wonder Enemy Hoppycat
3%
Super Mario 3D World Enemy Horned Ant Trooper
3%
Super Mario Bros. 3 Enemy Hot Foot
3%
Super Mario Sunshine Enemy Jumping Blooper
3%
Super Mario Land Boss King Totomesu
3%
Super Mario Sunshine Enemy Klamber
3%
Super Mario Odyssey Enemy Komboo
3%
Super Mario Bros. Wonder Enemy Konk
3%
Super Mario Land Enemy Kumo
3%
New Super Mario Bros. U Enemy Mega Grrrol
3%
New Super Luigi U Enemy Mega Grrrol
3%
Super Mario Land Enemy Mekabon
3%
Super Mario Bros. Wonder Enemy Melon Piranha Plant
3%
Super Mario Bros. Wonder Enemy Missile Meg
3%
Super Mario Bros. Wonder Enemy Outmaway
3%
Super Mario Odyssey Capture Picture Match Part
3%
Super Mario Sunshine Enemy Pink Cheep Cheep
3%
New Super Mario Bros. U Enemy Piranha Pod
3%
New Super Luigi U Enemy Piranha Pod
3%
Super Mario Bros. 2 Enemy Porcupo
3%
Super Mario Galaxy 2 Enemy Pupdozer
3%
Super Mario 3D World Enemy Rammerhead
3%
Super Mario World Enemy Red Koopa without a Shell
3%
Super Mario Bros. Wonder Enemy Robbird
3%
Super Mario Galaxy Enemy Rocto
3%
Super Mario Galaxy 2 Enemy Rocto
3%
Super Mario Bros. Wonder Enemy Rolla Koopa
3%
Super Mario Galaxy Enemy Sentry Beam
3%
Super Mario Galaxy 2 Enemy Sentry Beam
3%
Super Mario Bros. Wonder Enemy Shova
3%
Super Mario Bros. Wonder Enemy Skedaddler
3%
Super Mario Galaxy Enemy Slurple
3%
Super Mario Galaxy 2 Enemy Slurple
3%
Super Mario 64 Enemy Small Koopa Troopa
3%
Super Mario 64 DS Enemy Small Koopa Troopa
3%
Super Mario Odyssey Capture Spark Pylon
3%
Super Mario 64 Enemy Sparky
3%
Super Mario 64 DS Enemy Sparky
3%
Super Mario Odyssey Supporting character Sphynx
3%
Super Mario 3D World Enemy Spiny Skipsqueak
3%
Super Mario 3D World Enemy Splorch
3%
Super Mario Galaxy Enemy Spoing
3%
Super Mario Galaxy 2 Enemy Spoing
3%
Super Mario Galaxy Enemy Sprangler
3%
Super Mario Galaxy 2 Enemy Sprangler
3%
Super Mario Odyssey Enemy Stairface Ogre
3%
Super Mario Odyssey Supporting character Steam Gardener
3%
Super Mario Land Enemy Suu
3%
Super Mario Sunshine Enemy Swoopin' Stu
3%
Super Mario 3D Land Enemy Tail Boo
3%
Super Mario Land Enemy Torion
3%
Super Mario Bros. 2 Enemy Trouter
3%
Super Mario 64 Supporting character Tuxie
3%
Super Mario 64 DS Supporting character Tuxie
3%
Super Mario Bros. 2 Enemy Tweeter
3%
Super Mario Galaxy 2 Enemy Twirlip
3%
Super Mario Odyssey Supporting character Volbonan
3%
Super Mario 3D World Enemy Walleye
3%
Super Mario World Enemy Yellow Koopa Shell
3%
Super Mario Land Enemy Yurarin Boo
3%
Super Mario Bros. Wonder Enemy Anglefish
2%
Super Mario Bros. 2 Enemy Autobomb
2%
Super Mario Land 2: 6 Golden Coins Enemy Beebee
2%
New Super Mario Bros. 2 Enemy Big Grinder
2%
Super Mario Land Enemy Biokinton
2%
Super Mario Odyssey Enemy Bitefrost
2%
Super Mario Bros. Wonder Enemy Bloomp
2%
Super Mario Sunshine Supporting character Blooper Racer
2%
Super Mario 3D World Enemy Blurker
2%
Super Mario Galaxy Enemy Bone Twister
2%
Bowser's Fury Enemy Cat Fuzzler
2%
Bowser's Fury Enemy Cat Splounder
2%
Super Mario Odyssey Boss Chain Chompikins
2%
Super Mario 64 Enemy Chair
2%
Super Mario 64 DS Enemy Chair
2%
Super Mario Land Enemy Chikako
2%
Super Mario Land 2: 6 Golden Coins Enemy Collector
2%
Super Mario Bros. Wonder Enemy Condart
2%
Super Mario World Enemy Flashing Shell
2%
Super Mario World Enemy Floating Mine
2%
Super Mario 3D Land Enemy Flophopper
2%
Super Mario 3D World Enemy Fuzzler
2%
Super Mario Bros. Wonder Enemy Gamboo
2%
Super Mario Land Enemy Ganchan
2%
New Super Mario Bros. Wii Enemy Ghost Vase
2%
New Super Mario Bros. Enemy Giant Spiked Ball
2%
New Super Mario Bros. Wii Enemy Giant Spiked Ball
2%
Super Mario 3D Land Enemy Giant Spiked Ball
2%
New Super Mario Bros. 2 Enemy Giant Spiked Ball
2%
Super Mario Bros. Wonder Enemy Giant Spiked Ball
2%
Super Mario Galaxy Supporting character Gil Board
2%
Super Mario Galaxy 2 Enemy Golden Gummit
2%
New Super Mario Bros. 2 Enemy Gold Goomba Tower
2%
New Super Mario Bros. 2 Enemy Gold Mini Goomba
2%
Super Mario World Enemy Green Climbing Koopa
2%
New Super Mario Bros. Wii Enemy Green Climbing Koopa
2%
New Super Mario Bros. 2 Enemy Green Climbing Koopa
2%
Super Mario 3D World Enemy Grumblump
2%
Super Mario Galaxy 2 Enemy Gummit
2%
Super Mario Land Enemy Gunion
2%
Super Mario Land Enemy Honen
2%
Super Mario 3D World Enemy Hop-Chop
2%
Super Mario Galaxy Enemy Jam-o'-War
2%
Super Mario Galaxy 2 Enemy Jam-o'-War
2%
Super Mario Galaxy 2 Supporting character Jibberjay
2%
Super Mario Odyssey Capture Jizo
2%
Super Mario World Enemy Jumping Fire Piranha Plant
2%
Bowser's Fury Supporting character Kitten
2%
Super Mario Odyssey Enemy Magmato
2%
Super Mario Bros. Wonder Supporting character Master Poplin
2%
Super Mario Odyssey Capture Moe-Eyes
2%
Super Mario Odyssey Enemy Moonsnake
2%
Super Mario Bros. Wonder Enemy Mumsy
2%
Super Mario Land 2: 6 Golden Coins Enemy No. 48
2%
Super Mario Sunshine Boss Orange Proto Piranha
2%
Super Mario Galaxy 2 Enemy Pinhead
2%
Super Mario Land Enemy Pionpi
2%
Super Mario Land Enemy Pipe Fist
2%
Super Mario Land Enemy Pompon Flower
2%
Super Mario 3D Land Enemy Prongo
2%
Super Mario Galaxy Enemy Pulse Beam
2%
Super Mario Galaxy 2 Enemy Pulse Beam
2%
Super Mario Odyssey Enemy Pulse Beam
2%
Super Mario Sunshine Enemy Purple Bullet Bill
2%
Super Mario World Enemy Red Climbing Koopa
2%
New Super Mario Bros. Wii Enemy Red Climbing Koopa
2%
New Super Mario Bros. 2 Enemy Red Climbing Koopa
2%
Super Mario World Enemy Red Koopa Shell
2%
Super Mario Bros. Wonder Enemy Revver
2%
Super Mario Land Enemy Roketon
2%
Super Mario Galaxy 2 Enemy Romp
2%
Super Mario Land 2: 6 Golden Coins Enemy Screw
2%
Super Mario Odyssey Supporting character Shiverian Elder
2%
Super Mario 64 Enemy Small Piranha
2%
Super Mario 64 DS Enemy Small Piranha
2%
Super Mario Galaxy 2 Enemy Smeech
2%
Super Mario 3D Land Enemy Spike Bar
2%
Super Mario Land 2: 6 Golden Coins Enemy Spiked Ball
2%
New Super Mario Bros. Enemy Spiked Ball
2%
New Super Mario Bros. Wii Enemy Spiked Ball
2%
Super Mario 3D Land Enemy Spiked Ball
2%
New Super Mario Bros. 2 Enemy Spiked Ball
2%
New Super Mario Bros. U Enemy Spiked Ball
2%
New Super Luigi U Enemy Spiked Ball
2%
Super Mario Galaxy 2 Enemy Spiky Gummit
2%
Super Mario 3D World Enemy Splounder
2%
Super Mario Bros. Wonder Enemy Sproing
2%
Super Mario Bros. 2 Supporting character Subcon
2%
Super Mario Galaxy 2 Enemy Swaphopper
2%
Super Mario Land Enemy Tamao
2%
Super Mario World Enemy Torpedo Base
2%
New Super Mario Bros. U Enemy Torpedo Base
2%
New Super Luigi U Enemy Torpedo Base
2%
Super Mario Galaxy Enemy Torpedo Tube
2%
Super Mario Galaxy Enemy Tracks
2%
Super Mario Galaxy 2 Enemy Tracks
2%
Super Mario Odyssey Enemy Trapeetle
2%
Super Mario Odyssey Enemy Urban Stingby Larva
2%
New Super Mario Bros. Wii Enemy Volcanic debris
2%
New Super Mario Bros. 2 Enemy Volcanic Debris
2%
Super Mario 3D World Enemy Volcanic debris
2%
Super Mario Bros. Wonder Enemy Volcanic debris
2%
New Super Mario Bros. Enemy Volcano Debris
2%
Super Mario Galaxy Enemy Water Shooter
2%
Super Mario Galaxy 2 Enemy Water Shooter
2%
Super Mario Odyssey Enemy Yoofoe
2%
Super Mario Bros. Wonder Supporting character Angler Poplin
1%
Super Mario Bros. Wonder Enemy Baboom
1%
Super Mario 3D Land Enemy Baddy Box
1%
Super Mario 3D World Enemy Baddy Box
1%
Super Mario Galaxy Enemy Ball Beamer
1%
Super Mario Galaxy 2 Enemy Ball Beamer
1%
New Super Mario Bros. U Enemy Balloon Goomba
1%
New Super Luigi U Enemy Balloon Goomba
1%
Super Mario Land 2: 6 Golden Coins Enemy Bee Fly
1%
Super Mario Land 2: 6 Golden Coins Enemy Bero
1%
Super Mario Land 2: 6 Golden Coins Enemy Bigbee
1%
Super Mario Land 2: 6 Golden Coins Boss Big Bird
1%
Super Mario World Enemy Big Steely
1%
Super Mario Bros. Wonder Enemy Big Trottin' Piranha Plant
1%
New Super Mario Bros. Enemy Bill Blaster Turret
1%
New Super Mario Bros. Wii Enemy Bill Blaster Turret
1%
New Super Mario Bros. 2 Enemy Bill Blaster Turret
1%
New Super Mario Bros. U Enemy Bill Blaster Turret
1%
New Super Luigi U Enemy Bill Blaster Turret
1%
Super Mario Sunshine Enemy Blue Bullet Bill
1%
Super Mario Land 2: 6 Golden Coins Enemy Bopping Toady
1%
New Super Mario Bros. U Enemy Bowser Stunner
1%
New Super Luigi U Enemy Bowser Stunner
1%
Super Mario Bros. Wonder Enemy Bull's-Eye Blaster
1%
Bowser's Fury Enemy Cat Flopter
1%
Bowser's Fury Enemy Cat Innertube Goomba
1%
Super Mario Land 2: 6 Golden Coins Enemy Chikunto
1%
Super Mario 64 Enemy Clam Shell
1%
Super Mario 64 DS Enemy Clam Shell
1%
Super Mario Bros. Wonder Enemy Cloud Piranha
1%
Super Mario World Enemy Disappearing Boo Buddy
1%
Super Mario Land 2: 6 Golden Coins Enemy Dokanto
1%
Super Mario Galaxy Enemy Eye Beamer
1%
Super Mario Galaxy 2 Enemy Eye Beamer
1%
Super Mario Land 2: 6 Golden Coins Enemy Fireball Boy
1%
Super Mario Bros. 3 Enemy Fire Nipper Plant
1%
Super Mario Galaxy Enemy Fire Shooter
1%
Super Mario Galaxy 2 Enemy Fire Shooter
1%
Super Mario World Enemy Flashing Super Koopa
1%
Super Mario Land 2: 6 Golden Coins Enemy Floating Face
1%
Super Mario 3D World Enemy Flopter
1%
New Super Mario Bros. Wii Enemy Ghost Block
1%
New Super Mario Bros. U Enemy Ghost Block
1%
New Super Luigi U Enemy Ghost Block
1%
New Super Mario Bros. Wii Enemy Giant Cannonball
1%
New Super Mario Bros. U Enemy Giant Cannonball
1%
New Super Luigi U Enemy Giant Cannonball
1%
Super Mario Sunshine Enemy Glorpedo
1%
Super Mario Bros. Wonder Enemy Gnawsher
1%
Super Mario Galaxy Enemy Ground Urchin
1%
Super Mario Galaxy 2 Enemy Ground Urchin
1%
Super Mario Land 2: 6 Golden Coins Enemy Grubby
1%
Super Mario Land 2: 6 Golden Coins Enemy Honebon
1%
Super Mario Bros. 3 Enemy Huge Bullet
1%
New Super Mario Bros. U Enemy Huge Fire Bar
1%
New Super Luigi U Enemy Huge Fire Bar
1%
Super Mario 3D World Enemy Innertube Goomba
1%
Super Mario Land 2: 6 Golden Coins Enemy Jack-in-the-Box
1%
New Super Mario Bros. Wii Supporting character Jumbo Ray
1%
Super Mario Galaxy 2 Enemy Kleptoad
1%
Super Mario Bros. Wonder Enemy Kodeka Mokumokumo
1%
Super Mario Bros. Wonder Enemy Lakitu Trio
1%
Super Mario World Enemy Lil Sparkies
1%
Super Mario Land 2: 6 Golden Coins Enemy Masked Ghoul
1%
Super Mario Galaxy 2 Enemy Micro Mecha-Bowser
1%
Super Mario Galaxy Enemy Mikey Mine
1%
Super Mario Galaxy 2 Enemy Mikey Mine
1%
Super Mario Odyssey Capture Mini Rocket
1%
Super Mario Land 2: 6 Golden Coins Enemy Moofish
1%
Super Mario Odyssey Supporting character Nintendog
1%
Super Mario Bros. Wonder Enemy Noknok
1%
Super Mario Land Enemy Nyololin
1%
Super Mario Sunshine Supporting character Park Director
1%
Super Mario Galaxy Enemy Pokeyplant
1%
Super Mario Land 2: 6 Golden Coins Enemy Poro
1%
Super Mario Galaxy Enemy Prickly Plant
1%
Super Mario Galaxy 2 Enemy Prickly Plant
1%
Super Mario Bros. Wonder Supporting character Professor Connect
1%
New Super Mario Bros. U Enemy Purple Dragoneel
1%
New Super Luigi U Enemy Purple Dragoneel
1%
Super Mario Odyssey Capture Puzzle Part (Lake Kingdom)
1%
Super Mario Odyssey Capture Puzzle Part (Metro Kingdom)
1%
Super Mario Bros. Wonder Enemy Raargh
1%
Super Mario Land 2: 6 Golden Coins Enemy Ragumo
1%
Super Mario Land 2: 6 Golden Coins Enemy Rerere
1%
Super Mario 3D World Enemy Ring Burner
1%
Super Mario Bros. 3 Enemy Rocket Engine
1%
Super Mario Bros. Wonder Enemy Rrrumba
1%
Super Mario Sunshine Enemy Seedy Pod
1%
Super Mario Bros. Wonder Enemy Seeker Bullet Bill
1%
Super Mario Land 2: 6 Golden Coins Enemy Skeleton Bee
1%
Super Mario Bros. Wonder Enemy Sluglug
1%
Super Mario Bros. Wonder Enemy Smackerel
1%
Super Mario Bros. 2 Enemy Small Fry Guy
1%
Super Mario Bros. Wonder Enemy Smogrin
1%
Super Mario Bros. Wonder Enemy Snootle
1%
Super Mario 3D Land Enemy Spike Eel
1%
Super Mario Galaxy 2 Enemy Spinecone
1%
Super Mario Galaxy Enemy Spring Vault
1%
Super Mario Galaxy 2 Enemy Spring Vault
1%
Super Mario Bros. Wonder Enemy Swirlypod
1%
Super Mario Bros. Wonder Enemy Taily
1%
Super Mario Land 2: 6 Golden Coins Enemy Tamara
1%
Super Mario 3D Land Enemy Thistle
1%
Super Mario Galaxy 2 Enemy Trapdragon
1%
Super Mario Bros. Wonder Enemy Trottin' Piranha Plant
1%
Super Mario Odyssey Enemy Turret
1%
Super Mario Land 2: 6 Golden Coins Enemy Unibo
1%
Super Mario Land 2: 6 Golden Coins Enemy Wakiri
1%
Super Mario Galaxy 2 Enemy Zap Nozzle
1%
Super Mario Bros. Wonder Enemy Zip-Zap
1%
Super Mario Land 2: 6 Golden Coins Enemy Battle Beetle
0%
Super Mario World Enemy Big Bubble
0%
Super Mario Bros. Wonder Enemy Big Hoppycat
0%
Super Mario Bros. Wonder Enemy Big Konk
0%
Super Mario Bros. Wonder Enemy Big Note Piranha Plant
0%
Super Mario Bros. Wonder Enemy Big Snootle
0%
Super Mario Bros. Wonder Enemy Big Swirlypod
0%
Super Mario Land 2: 6 Golden Coins Enemy Birdfish
0%
Super Mario Galaxy Enemy Blue Crabber
0%
Super Mario Galaxy 2 Enemy Blue Crabber
0%
Super Mario Sunshine Enemy Blue Wire Trap
0%
Super Mario Galaxy 2 Enemy Bob-Omb Dispenser
0%
Super Mario Land 2: 6 Golden Coins Enemy Bomubomu
0%
Super Mario Bros. Wonder Enemy Bone Trottin' Piranha Plant
0%
Super Mario Bros. Wonder Enemy Bowser Burner
0%
Super Mario Bros. Wonder Enemy Bowser Cannon
0%
Super Mario Bros. Wonder Boss Bowser Generator
0%
New Super Mario Bros. 2 Enemy Bowser Sculpture
0%
Super Mario Bros. Wonder Enemy Būsuke Hōdai
0%
Super Mario Galaxy 2 Enemy Chomp Box
0%
Super Mario Bros. Wonder Enemy Condrop
0%
Super Mario Bros. Wonder Enemy Dark Nokonoko
0%
Super Mario Bros. Wonder Enemy Deka Chase Killer
0%
Bowser's Fury Enemy Disaster Neko
0%
Super Mario Land 2: 6 Golden Coins Enemy Dondon
0%
Super Mario Land 2: 6 Golden Coins Enemy Furiko
0%
Super Mario Land 2: 6 Golden Coins Enemy Furizo
0%
Bowser's Fury Enemy Fury Shadow
0%
Super Mario 3D World Enemy Fuzzy Horde
0%
Super Mario Land Enemy Gatadon
0%
Super Mario Bros. Wonder Enemy Giant Mokumokumo
0%
Super Mario Galaxy Enemy Giant Prickly Plant
0%
Super Mario Land 2: 6 Golden Coins Enemy Goronto
0%
Super Mario 3D World Enemy Hisstocrat servant
0%
Super Mario Bros. Wonder Enemy Hot-Hot Rock
0%
Super Mario Land 2: 6 Golden Coins Enemy Karakara
0%
Super Mario Land 2: 6 Golden Coins Enemy Karamenbo
0%
Super Mario Land 2: 6 Golden Coins Enemy Kiddokatto
0%
Super Mario Land 2: 6 Golden Coins Enemy Kurokyura
0%
Super Mario Land 2: 6 Golden Coins Enemy Kyororo
0%
Super Mario Land 2: 6 Golden Coins Enemy Kyotonbo
0%
Super Mario Bros. Wonder Enemy Lava Blobble
0%
Super Mario Bros. Wonder Enemy Li'l Scorcher
0%
Super Mario Bros. Wonder Supporting character Loyal Poplin
0%
New Super Mario Bros. U Enemy Mecha Hand
0%
New Super Luigi U Enemy Mecha Hand
0%
Super Mario Bros. Wonder Enemy Mechakoopa Mk 2
0%
Super Mario Land 2: 6 Golden Coins Enemy Mechanical fist
0%
Super Mario Bros. Wonder Enemy Metal Gamboo
0%
Super Mario Land 2: 6 Golden Coins Enemy Minikyura
0%
Super Mario Bros. Wonder Enemy Morocon
0%
Bowser's Fury Supporting character Neko Parent
0%
Super Mario Land 2: 6 Golden Coins Enemy Noko Bombette
0%
Super Mario Bros. Wonder Enemy Note Piranha Plant
0%
Super Mario Land 2: 6 Golden Coins Enemy Pikku
0%
Super Mario Land 2: 6 Golden Coins Enemy Piranha Plant Statue
0%
Super Mario Bros. Wonder Enemy Pokipede
0%
Super Mario Galaxy Enemy Red Crabber
0%
Super Mario Galaxy 2 Enemy Red Crabber
0%
Super Mario Bros. Wonder Enemy Red Gnawsher
0%
New Super Mario Bros. U Enemy Red Torpedo Base
0%
New Super Luigi U Enemy Red Torpedo Base
0%
Super Mario Sunshine Enemy Red Wire Trap
0%
Super Mario Bros. Wonder Enemy Renketsu Chase Killer
0%
Super Mario Bros. Wonder Enemy Rift Mario
0%
Super Mario Land 2: 6 Golden Coins Enemy Satellite
0%
Super Mario Galaxy Enemy Sentry Garage
0%
Super Mario Galaxy 2 Enemy Sentry Garage
0%
Super Mario Bros. Wonder Enemy Serpont
0%
Super Mario Bros. Wonder Enemy Shoomp
0%
Super Mario Bros. Wonder Enemy Snortoise
0%
Super Mario Galaxy Enemy Space Mine
0%
Super Mario Galaxy 2 Enemy Space Mine
0%
Super Mario Galaxy 2 Enemy Spindleburr
0%
Super Mario Bros. Wonder Enemy Sugarstar
0%
Super Mario Land 2: 6 Golden Coins Enemy Tatenoko
0%
Super Mario Land 2: 6 Golden Coins Enemy Tosenbo
0%
Super Mario Bros. Wonder Enemy Trompette
0%
Super Mario 64 Supporting character Ukkuki
0%
Super Mario 64 DS Supporting character Ukkuki
0%
Super Mario Land 2: 6 Golden Coins Enemy Unera
0%
Super Mario Bros. Wonder Enemy Whohoo
0%
Super Mario Bros. Wonder Enemy Wonder Bloomp
0%
Super Mario Bros. Wonder Enemy Wonder Haiden
0%
Super Mario Bros. Wonder Enemy Wonder Hoppin
0%
Super Mario Bros. Wonder Enemy Wonder Koronporin
0%
Super Mario Bros. Wonder Enemy Wonder Packun
0%
Super Mario Bros. Wonder Enemy Wubba
0%
Super Mario Land 2: 6 Golden Coins Enemy Yashichi
0%
No matching quizzes found
Score Distribution
Percent of People with Each Score
Percentile by Number Answered
Your Score History
You have not taken this quiz since the last reset